<?xml version="1.0" encoding="UTF-8"?>
<record
    xmlns:xsi="http://www.w3.org/2001/XMLSchema-instance"
    xsi:schemaLocation="http://www.loc.gov/MARC21/slim http://www.loc.gov/standards/marcxml/schema/MARC21slim.xsd"
    xmlns="http://www.loc.gov/MARC21/slim">

  <leader>00888nas a2200253 454500</leader>
  <controlfield tag="001">474</controlfield>
  <controlfield tag="005">20260407193503.0</controlfield>
  <controlfield tag="008">260407s2007####ag###########|||spa#d</controlfield>
  <controlfield tag="003">AR-UNSa-BCEJYS</controlfield>
  <datafield tag="040" ind1=" " ind2=" ">
    <subfield code="a">AR-UNSa-BCEJYS</subfield>
    <subfield code="b">spa</subfield>
    <subfield code="c">AR-UNSa-BCEJYS</subfield>
  </datafield>
  <datafield tag="080" ind1=" " ind2=" ">
    <subfield code="a">336.22</subfield>
    <subfield code="x">Impuestos</subfield>
  </datafield>
  <datafield tag="245" ind1="1" ind2="0">
    <subfield code="a">Consultor tributario</subfield>
  </datafield>
  <datafield tag="264" ind1=" " ind2="1">
    <subfield code="a">Buenos Aires :</subfield>
    <subfield code="b">Errepar</subfield>
    <subfield code="c">2007</subfield>
  </datafield>
  <datafield tag="310" ind1=" " ind2=" ">
    <subfield code="a">Frecuencia: Mensual</subfield>
  </datafield>
  <datafield tag="505" ind1=" " ind2=" ">
    <subfield code="a">Publicaci&#xF3;n mensual especializada netamente pr&#xE1;ctica que le otorga al profesional un enfoque integral sobre todos los temas que necesita conocer.</subfield>
  </datafield>
  <datafield tag="041" ind1=" " ind2=" ">
    <subfield code="a">spa</subfield>
  </datafield>
  <datafield tag="942" ind1=" " ind2=" ">
    <subfield code="c">SER</subfield>
  </datafield>
  <datafield tag="590" ind1=" " ind2=" ">
    <subfield code="a">niveau_biblio:s niveau_hierar:1</subfield>
  </datafield>
  <datafield tag="100" ind1="1" ind2=" ">
    <subfield code="a">Lorenzo, Armando</subfield>
  </datafield>
  <datafield tag="650" ind1=" " ind2=" ">
    <subfield code="a">Impuesto sobre la renta</subfield>
  </datafield>
  <datafield tag="650" ind1=" " ind2=" ">
    <subfield code="a">Derecho Tributario</subfield>
  </datafield>
  <datafield tag="650" ind1=" " ind2=" ">
    <subfield code="a">Procedimiento Tributario</subfield>
  </datafield>
  <datafield tag="856" ind1="4" ind2="1">
    <subfield code="u">https://biblioeco.unsa.edu.ar/pmb/images/revistas/R10499.jpg</subfield>
    <subfield code="y">Imagen de portada</subfield>
    <subfield code="q">image/jpeg</subfield>
  </datafield>
  <datafield tag="999" ind1=" " ind2=" ">
    <subfield code="c">8366</subfield>
    <subfield code="d">8366</subfield>
  </datafield>
  <datafield tag="952" ind1=" " ind2=" ">
    <subfield code="0">0</subfield>
    <subfield code="1">0</subfield>
    <subfield code="4">0</subfield>
    <subfield code="7">0</subfield>
    <subfield code="a">BCEJYS</subfield>
    <subfield code="b">BCEJYS</subfield>
    <subfield code="c">17</subfield>
    <subfield code="d">2025-12-01</subfield>
    <subfield code="h">A&#xF1;o 20, N&#xB0; 218 - dic. 2025/ene. 2026</subfield>
    <subfield code="l">0</subfield>
    <subfield code="o">H336.22 CON 218</subfield>
    <subfield code="p">R23517</subfield>
    <subfield code="r">2026-04-10 16:06:02</subfield>
    <subfield code="w">2026-04-10</subfield>
    <subfield code="y">RN</subfield>
  </datafield>
  <datafield tag="952" ind1=" " ind2=" ">
    <subfield code="0">0</subfield>
    <subfield code="1">0</subfield>
    <subfield code="4">0</subfield>
    <subfield code="7">0</subfield>
    <subfield code="a">BCEJYS</subfield>
    <subfield code="b">BCEJYS</subfield>
    <subfield code="c">17</subfield>
    <subfield code="d">2025-10-01</subfield>
    <subfield code="h">A&#xF1;o 19, N&#xB0; 217 - oct./nov. 2025</subfield>
    <subfield code="l">0</subfield>
    <subfield code="o">H336.22 CON 217</subfield>
    <subfield code="p">R23514</subfield>
    <subfield code="r">2026-04-10 16:06:02</subfield>
    <subfield code="w">2026-04-10</subfield>
    <subfield code="y">RN</subfield>
  </datafield>
  <datafield tag="952" ind1=" " ind2=" ">
    <subfield code="0">0</subfield>
    <subfield code="1">0</subfield>
    <subfield code="4">0</subfield>
    <subfield code="7">0</subfield>
    <subfield code="a">BCEJYS</subfield>
    <subfield code="b">BCEJYS</subfield>
    <subfield code="c">17</subfield>
    <subfield code="d">2025-08-01</subfield>
    <subfield code="h">A&#xF1;o 19, N&#xB0; 216 - ago./sep. 2025</subfield>
    <subfield code="l">0</subfield>
    <subfield code="o">H336.22 CON 216</subfield>
    <subfield code="p">R23489</subfield>
    <subfield code="r">2026-04-10 16:06:02</subfield>
    <subfield code="w">2026-04-10</subfield>
    <subfield code="y">RN</subfield>
  </datafield>
  <datafield tag="952" ind1=" " ind2=" ">
    <subfield code="0">0</subfield>
    <subfield code="1">0</subfield>
    <subfield code="4">0</subfield>
    <subfield code="7">0</subfield>
    <subfield code="a">BCEJYS</subfield>
    <subfield code="b">BCEJYS</subfield>
    <subfield code="c">17</subfield>
    <subfield code="d">2025-06-01</subfield>
    <subfield code="h">A&#xF1;o 19, N&#xB0; 215 - jun./jul. 2025</subfield>
    <subfield code="l">0</subfield>
    <subfield code="o">H336.22 CON 215</subfield>
    <subfield code="p">R23477</subfield>
    <subfield code="r">2026-04-10 16:06:02</subfield>
    <subfield code="w">2026-04-10</subfield>
    <subfield code="y">RN</subfield>
  </datafield>
  <datafield tag="952" ind1=" " ind2=" ">
    <subfield code="0">0</subfield>
    <subfield code="1">0</subfield>
    <subfield code="4">0</subfield>
    <subfield code="7">0</subfield>
    <subfield code="a">BCEJYS</subfield>
    <subfield code="b">BCEJYS</subfield>
    <subfield code="c">17</subfield>
    <subfield code="d">2025-04-01</subfield>
    <subfield code="h">A&#xF1;o 19, N&#xB0; 214 - abr./mayo 2025</subfield>
    <subfield code="l">0</subfield>
    <subfield code="o">H336.22 CON 214</subfield>
    <subfield code="p">R23468</subfield>
    <subfield code="r">2026-04-10 16:06:02</subfield>
    <subfield code="w">2026-04-10</subfield>
    <subfield code="y">RN</subfield>
  </datafield>
  <datafield tag="952" ind1=" " ind2=" ">
    <subfield code="0">0</subfield>
    <subfield code="1">0</subfield>
    <subfield code="4">0</subfield>
    <subfield code="7">0</subfield>
    <subfield code="a">BCEJYS</subfield>
    <subfield code="b">BCEJYS</subfield>
    <subfield code="c">17</subfield>
    <subfield code="d">2025-02-01</subfield>
    <subfield code="h">A&#xF1;o 19, N&#xB0; 213 - feb./mar. 2025</subfield>
    <subfield code="l">0</subfield>
    <subfield code="o">H336.22 CON 213</subfield>
    <subfield code="p">R23448</subfield>
    <subfield code="r">2026-04-10 16:06:02</subfield>
    <subfield code="w">2026-04-10</subfield>
    <subfield code="y">RN</subfield>
  </datafield>
  <datafield tag="952" ind1=" " ind2=" ">
    <subfield code="0">0</subfield>
    <subfield code="1">0</subfield>
    <subfield code="4">0</subfield>
    <subfield code="7">0</subfield>
    <subfield code="a">BCEJYS</subfield>
    <subfield code="b">BCEJYS</subfield>
    <subfield code="c">17</subfield>
    <subfield code="d">2024-12-01</subfield>
    <subfield code="h">A&#xF1;o 19, N&#xB0; 212 - dic. 2024/ene. 2025</subfield>
    <subfield code="l">0</subfield>
    <subfield code="o">H336.22 CON 212</subfield>
    <subfield code="p">R23387</subfield>
    <subfield code="r">2026-04-10 16:06:02</subfield>
    <subfield code="w">2026-04-10</subfield>
    <subfield code="y">RN</subfield>
  </datafield>
  <datafield tag="952" ind1=" " ind2=" ">
    <subfield code="0">0</subfield>
    <subfield code="1">0</subfield>
    <subfield code="4">0</subfield>
    <subfield code="7">0</subfield>
    <subfield code="a">BCEJYS</subfield>
    <subfield code="b">BCEJYS</subfield>
    <subfield code="c">17</subfield>
    <subfield code="d">2024-11-01</subfield>
    <subfield code="h">A&#xF1;o 18, N&#xB0; 211 - oct/nov. 2024</subfield>
    <subfield code="l">0</subfield>
    <subfield code="o">H336.22 CON 211</subfield>
    <subfield code="p">R23377</subfield>
    <subfield code="r">2026-04-10 16:06:02</subfield>
    <subfield code="w">2026-04-10</subfield>
    <subfield code="y">RN</subfield>
  </datafield>
  <datafield tag="952" ind1=" " ind2=" ">
    <subfield code="0">0</subfield>
    <subfield code="1">0</subfield>
    <subfield code="4">0</subfield>
    <subfield code="7">0</subfield>
    <subfield code="a">BCEJYS</subfield>
    <subfield code="b">BCEJYS</subfield>
    <subfield code="c">17</subfield>
    <subfield code="d">2024-08-01</subfield>
    <subfield code="h">A&#xF1;o 18, N&#xB0; 210 - ago./sep. 2024</subfield>
    <subfield code="l">0</subfield>
    <subfield code="o">H336.22 CON 210</subfield>
    <subfield code="p">R23370</subfield>
    <subfield code="r">2026-04-10 16:06:02</subfield>
    <subfield code="w">2026-04-10</subfield>
    <subfield code="y">RN</subfield>
  </datafield>
  <datafield tag="952" ind1=" " ind2=" ">
    <subfield code="0">0</subfield>
    <subfield code="1">0</subfield>
    <subfield code="4">0</subfield>
    <subfield code="7">0</subfield>
    <subfield code="a">BCEJYS</subfield>
    <subfield code="b">BCEJYS</subfield>
    <subfield code="c">17</subfield>
    <subfield code="d">2024-07-01</subfield>
    <subfield code="h">A&#xF1;o 18, N&#xB0; 209 - jul./ago. 2024</subfield>
    <subfield code="l">0</subfield>
    <subfield code="o">H336.22 CON 209</subfield>
    <subfield code="p">R23347</subfield>
    <subfield code="r">2026-04-10 16:06:02</subfield>
    <subfield code="w">2026-04-10</subfield>
    <subfield code="y">RN</subfield>
  </datafield>
  <datafield tag="952" ind1=" " ind2=" ">
    <subfield code="0">0</subfield>
    <subfield code="1">0</subfield>
    <subfield code="4">0</subfield>
    <subfield code="7">0</subfield>
    <subfield code="a">BCEJYS</subfield>
    <subfield code="b">BCEJYS</subfield>
    <subfield code="c">17</subfield>
    <subfield code="d">2024-06-01</subfield>
    <subfield code="h">A&#xF1;o 18, N&#xB0; 208 - jun. 2024</subfield>
    <subfield code="l">0</subfield>
    <subfield code="o">H336.22 CON 208</subfield>
    <subfield code="p">R23342</subfield>
    <subfield code="r">2026-04-10 16:06:02</subfield>
    <subfield code="w">2026-04-10</subfield>
    <subfield code="y">RN</subfield>
  </datafield>
  <datafield tag="952" ind1=" " ind2=" ">
    <subfield code="0">0</subfield>
    <subfield code="1">0</subfield>
    <subfield code="4">0</subfield>
    <subfield code="7">0</subfield>
    <subfield code="a">BCEJYS</subfield>
    <subfield code="b">BCEJYS</subfield>
    <subfield code="c">17</subfield>
    <subfield code="d">2024-05-01</subfield>
    <subfield code="h">A&#xF1;o 18, N&#xB0; 207 - mayo 2024</subfield>
    <subfield code="l">0</subfield>
    <subfield code="o">H336.22 CON 207</subfield>
    <subfield code="p">R14081</subfield>
    <subfield code="r">2026-04-10 16:06:02</subfield>
    <subfield code="w">2026-04-10</subfield>
    <subfield code="y">RN</subfield>
  </datafield>
  <datafield tag="952" ind1=" " ind2=" ">
    <subfield code="0">0</subfield>
    <subfield code="1">0</subfield>
    <subfield code="4">0</subfield>
    <subfield code="7">0</subfield>
    <subfield code="a">BCEJYS</subfield>
    <subfield code="b">BCEJYS</subfield>
    <subfield code="c">17</subfield>
    <subfield code="d">2024-04-01</subfield>
    <subfield code="h">A&#xF1;o 18, N&#xB0; 206 - abr. 2024</subfield>
    <subfield code="l">0</subfield>
    <subfield code="o">H336.22 CON 206</subfield>
    <subfield code="p">R14115</subfield>
    <subfield code="r">2026-04-10 16:06:02</subfield>
    <subfield code="w">2026-04-10</subfield>
    <subfield code="y">RN</subfield>
  </datafield>
  <datafield tag="952" ind1=" " ind2=" ">
    <subfield code="0">0</subfield>
    <subfield code="1">0</subfield>
    <subfield code="4">0</subfield>
    <subfield code="7">0</subfield>
    <subfield code="a">BCEJYS</subfield>
    <subfield code="b">BCEJYS</subfield>
    <subfield code="c">17</subfield>
    <subfield code="d">2024-03-01</subfield>
    <subfield code="h">A&#xF1;o 18, N&#xB0; 205 - mar. 2024</subfield>
    <subfield code="l">0</subfield>
    <subfield code="o">H336.22 CON 205</subfield>
    <subfield code="p">R14079</subfield>
    <subfield code="r">2026-04-10 16:06:02</subfield>
    <subfield code="w">2026-04-10</subfield>
    <subfield code="y">RN</subfield>
  </datafield>
  <datafield tag="952" ind1=" " ind2=" ">
    <subfield code="0">0</subfield>
    <subfield code="1">0</subfield>
    <subfield code="4">0</subfield>
    <subfield code="7">0</subfield>
    <subfield code="a">BCEJYS</subfield>
    <subfield code="b">BCEJYS</subfield>
    <subfield code="c">17</subfield>
    <subfield code="d">2024-02-01</subfield>
    <subfield code="h">A&#xF1;o 18, N&#xB0; 204 - feb. 2024</subfield>
    <subfield code="l">0</subfield>
    <subfield code="o">H336.22 CON 204</subfield>
    <subfield code="p">R14068</subfield>
    <subfield code="r">2026-04-10 16:06:02</subfield>
    <subfield code="w">2026-04-10</subfield>
    <subfield code="y">RN</subfield>
  </datafield>
  <datafield tag="952" ind1=" " ind2=" ">
    <subfield code="0">0</subfield>
    <subfield code="1">0</subfield>
    <subfield code="4">0</subfield>
    <subfield code="7">0</subfield>
    <subfield code="a">BCEJYS</subfield>
    <subfield code="b">BCEJYS</subfield>
    <subfield code="c">17</subfield>
    <subfield code="d">2024-01-01</subfield>
    <subfield code="h">A&#xF1;o 18, N&#xB0; 203 - ene. 2024</subfield>
    <subfield code="l">0</subfield>
    <subfield code="o">H336.22 CON 203</subfield>
    <subfield code="p">R00497</subfield>
    <subfield code="r">2026-04-10 16:06:02</subfield>
    <subfield code="w">2026-04-10</subfield>
    <subfield code="y">RN</subfield>
  </datafield>
  <datafield tag="952" ind1=" " ind2=" ">
    <subfield code="0">0</subfield>
    <subfield code="1">0</subfield>
    <subfield code="4">0</subfield>
    <subfield code="7">0</subfield>
    <subfield code="a">BCEJYS</subfield>
    <subfield code="b">BCEJYS</subfield>
    <subfield code="c">17</subfield>
    <subfield code="d">2023-12-01</subfield>
    <subfield code="h">A&#xF1;o 17, N&#xB0; 202 - dic. 2023</subfield>
    <subfield code="l">0</subfield>
    <subfield code="o">H336.22 CON 202</subfield>
    <subfield code="p">R00499</subfield>
    <subfield code="r">2026-04-10 16:06:02</subfield>
    <subfield code="w">2026-04-10</subfield>
    <subfield code="y">RN</subfield>
  </datafield>
  <datafield tag="952" ind1=" " ind2=" ">
    <subfield code="0">0</subfield>
    <subfield code="1">0</subfield>
    <subfield code="4">0</subfield>
    <subfield code="7">0</subfield>
    <subfield code="a">BCEJYS</subfield>
    <subfield code="b">BCEJYS</subfield>
    <subfield code="c">17</subfield>
    <subfield code="d">2023-11-01</subfield>
    <subfield code="h">A&#xF1;o 17, N&#xB0; 201 - nov. 2023</subfield>
    <subfield code="l">0</subfield>
    <subfield code="o">H336.22 CON 201</subfield>
    <subfield code="p">R00466</subfield>
    <subfield code="r">2026-04-10 16:06:02</subfield>
    <subfield code="w">2026-04-10</subfield>
    <subfield code="y">RN</subfield>
  </datafield>
  <datafield tag="952" ind1=" " ind2=" ">
    <subfield code="0">0</subfield>
    <subfield code="1">0</subfield>
    <subfield code="4">0</subfield>
    <subfield code="7">0</subfield>
    <subfield code="a">BCEJYS</subfield>
    <subfield code="b">BCEJYS</subfield>
    <subfield code="c">17</subfield>
    <subfield code="d">2023-10-01</subfield>
    <subfield code="h">A&#xF1;o 17, N&#xB0; 200 - oct. 2023</subfield>
    <subfield code="l">0</subfield>
    <subfield code="o">H336.22 CON 200</subfield>
    <subfield code="p">R00424</subfield>
    <subfield code="r">2026-04-10 16:06:02</subfield>
    <subfield code="w">2026-04-10</subfield>
    <subfield code="y">RN</subfield>
  </datafield>
  <datafield tag="952" ind1=" " ind2=" ">
    <subfield code="0">0</subfield>
    <subfield code="1">0</subfield>
    <subfield code="4">0</subfield>
    <subfield code="7">0</subfield>
    <subfield code="a">BCEJYS</subfield>
    <subfield code="b">BCEJYS</subfield>
    <subfield code="c">17</subfield>
    <subfield code="d">2023-09-01</subfield>
    <subfield code="h">A&#xF1;o 17, N&#xB0; 199 - sep. 2023</subfield>
    <subfield code="l">0</subfield>
    <subfield code="o">H336.22 CON 199</subfield>
    <subfield code="p">R00506</subfield>
    <subfield code="r">2026-04-10 16:06:02</subfield>
    <subfield code="w">2026-04-10</subfield>
    <subfield code="y">RN</subfield>
  </datafield>
  <datafield tag="952" ind1=" " ind2=" ">
    <subfield code="0">0</subfield>
    <subfield code="1">0</subfield>
    <subfield code="4">0</subfield>
    <subfield code="7">0</subfield>
    <subfield code="a">BCEJYS</subfield>
    <subfield code="b">BCEJYS</subfield>
    <subfield code="c">17</subfield>
    <subfield code="d">2023-08-01</subfield>
    <subfield code="h">A&#xF1;o 17, N&#xB0; 198 - ago. 2023</subfield>
    <subfield code="l">0</subfield>
    <subfield code="o">H336.22 CON 198</subfield>
    <subfield code="p">R10414</subfield>
    <subfield code="r">2026-04-10 16:06:02</subfield>
    <subfield code="w">2026-04-10</subfield>
    <subfield code="y">RN</subfield>
  </datafield>
  <datafield tag="952" ind1=" " ind2=" ">
    <subfield code="0">0</subfield>
    <subfield code="1">0</subfield>
    <subfield code="4">0</subfield>
    <subfield code="7">0</subfield>
    <subfield code="a">BCEJYS</subfield>
    <subfield code="b">BCEJYS</subfield>
    <subfield code="c">17</subfield>
    <subfield code="d">2023-07-01</subfield>
    <subfield code="h">A&#xF1;o 17, N&#xB0; 197 - jul. 2023</subfield>
    <subfield code="l">0</subfield>
    <subfield code="o">H336.22 CON 197</subfield>
    <subfield code="p">R01518</subfield>
    <subfield code="r">2026-04-10 16:06:02</subfield>
    <subfield code="w">2026-04-10</subfield>
    <subfield code="y">RN</subfield>
  </datafield>
  <datafield tag="952" ind1=" " ind2=" ">
    <subfield code="0">0</subfield>
    <subfield code="1">0</subfield>
    <subfield code="4">0</subfield>
    <subfield code="7">0</subfield>
    <subfield code="a">BCEJYS</subfield>
    <subfield code="b">BCEJYS</subfield>
    <subfield code="c">17</subfield>
    <subfield code="d">2023-06-01</subfield>
    <subfield code="h">A&#xF1;o 17, N&#xB0; 196 - jun. 2023</subfield>
    <subfield code="l">0</subfield>
    <subfield code="o">H336.22 CON 196</subfield>
    <subfield code="p">R10346</subfield>
    <subfield code="r">2026-04-10 16:06:02</subfield>
    <subfield code="w">2026-04-10</subfield>
    <subfield code="y">RN</subfield>
  </datafield>
  <datafield tag="952" ind1=" " ind2=" ">
    <subfield code="0">0</subfield>
    <subfield code="1">0</subfield>
    <subfield code="4">0</subfield>
    <subfield code="7">0</subfield>
    <subfield code="a">BCEJYS</subfield>
    <subfield code="b">BCEJYS</subfield>
    <subfield code="c">17</subfield>
    <subfield code="d">2023-05-01</subfield>
    <subfield code="h">A&#xF1;o 17, N&#xB0; 195 - mayo 2023</subfield>
    <subfield code="l">0</subfield>
    <subfield code="o">H336.22 CON 195</subfield>
    <subfield code="p">R10468</subfield>
    <subfield code="r">2026-04-10 16:06:02</subfield>
    <subfield code="w">2026-04-10</subfield>
    <subfield code="y">RN</subfield>
  </datafield>
  <datafield tag="952" ind1=" " ind2=" ">
    <subfield code="0">0</subfield>
    <subfield code="1">0</subfield>
    <subfield code="4">0</subfield>
    <subfield code="7">0</subfield>
    <subfield code="a">BCEJYS</subfield>
    <subfield code="b">BCEJYS</subfield>
    <subfield code="c">17</subfield>
    <subfield code="d">2023-04-01</subfield>
    <subfield code="h">A&#xF1;o 17, N&#xB0; 194 - abr. 2023</subfield>
    <subfield code="l">0</subfield>
    <subfield code="o">H336.22 CON 194</subfield>
    <subfield code="p">R10460</subfield>
    <subfield code="r">2026-04-10 16:06:02</subfield>
    <subfield code="w">2026-04-10</subfield>
    <subfield code="y">RN</subfield>
  </datafield>
  <datafield tag="952" ind1=" " ind2=" ">
    <subfield code="0">0</subfield>
    <subfield code="1">0</subfield>
    <subfield code="4">0</subfield>
    <subfield code="7">0</subfield>
    <subfield code="a">BCEJYS</subfield>
    <subfield code="b">BCEJYS</subfield>
    <subfield code="c">17</subfield>
    <subfield code="d">2023-03-01</subfield>
    <subfield code="h">A&#xF1;o 17, N&#xB0; 193 - mar. 2023</subfield>
    <subfield code="l">0</subfield>
    <subfield code="o">H336.22 CON 193</subfield>
    <subfield code="p">R00521</subfield>
    <subfield code="r">2026-04-10 16:06:02</subfield>
    <subfield code="w">2026-04-10</subfield>
    <subfield code="y">RN</subfield>
  </datafield>
  <datafield tag="952" ind1=" " ind2=" ">
    <subfield code="0">0</subfield>
    <subfield code="1">0</subfield>
    <subfield code="4">0</subfield>
    <subfield code="7">0</subfield>
    <subfield code="a">BCEJYS</subfield>
    <subfield code="b">BCEJYS</subfield>
    <subfield code="c">17</subfield>
    <subfield code="d">2023-02-01</subfield>
    <subfield code="h">A&#xF1;o 17, N&#xB0; 192 - feb. 2023</subfield>
    <subfield code="l">0</subfield>
    <subfield code="o">H336.22 CON 192</subfield>
    <subfield code="p">R10499</subfield>
    <subfield code="r">2026-04-10 16:06:02</subfield>
    <subfield code="w">2026-04-10</subfield>
    <subfield code="y">RN</subfield>
  </datafield>
  <datafield tag="952" ind1=" " ind2=" ">
    <subfield code="0">0</subfield>
    <subfield code="1">0</subfield>
    <subfield code="4">0</subfield>
    <subfield code="7">0</subfield>
    <subfield code="a">BCEJYS</subfield>
    <subfield code="b">BCEJYS</subfield>
    <subfield code="c">17</subfield>
    <subfield code="d">2023-01-01</subfield>
    <subfield code="h">A&#xF1;o 17, N&#xB0; 191 - ene. 2023</subfield>
    <subfield code="l">0</subfield>
    <subfield code="o">H336.22 CON 191</subfield>
    <subfield code="p">R10523</subfield>
    <subfield code="r">2026-04-10 16:06:02</subfield>
    <subfield code="w">2026-04-10</subfield>
    <subfield code="y">RN</subfield>
  </datafield>
  <datafield tag="952" ind1=" " ind2=" ">
    <subfield code="0">0</subfield>
    <subfield code="1">0</subfield>
    <subfield code="4">0</subfield>
    <subfield code="7">0</subfield>
    <subfield code="a">BCEJYS</subfield>
    <subfield code="b">BCEJYS</subfield>
    <subfield code="c">17</subfield>
    <subfield code="d">2022-12-01</subfield>
    <subfield code="h">A&#xF1;o 16, N&#xB0; 190 - dic. 2022</subfield>
    <subfield code="l">0</subfield>
    <subfield code="o">H336.22 CON 190</subfield>
    <subfield code="p">R10560</subfield>
    <subfield code="r">2026-04-10 16:06:02</subfield>
    <subfield code="w">2026-04-10</subfield>
    <subfield code="y">RN</subfield>
  </datafield>
  <datafield tag="952" ind1=" " ind2=" ">
    <subfield code="0">0</subfield>
    <subfield code="1">0</subfield>
    <subfield code="4">0</subfield>
    <subfield code="7">0</subfield>
    <subfield code="a">BCEJYS</subfield>
    <subfield code="b">BCEJYS</subfield>
    <subfield code="c">17</subfield>
    <subfield code="d">2022-11-01</subfield>
    <subfield code="h">A&#xF1;o 16, N&#xB0; 189 - nov. 2022</subfield>
    <subfield code="l">0</subfield>
    <subfield code="o">H336.22 CON 189</subfield>
    <subfield code="p">R10553</subfield>
    <subfield code="r">2026-04-10 16:06:02</subfield>
    <subfield code="w">2026-04-10</subfield>
    <subfield code="y">RN</subfield>
  </datafield>
  <datafield tag="952" ind1=" " ind2=" ">
    <subfield code="0">0</subfield>
    <subfield code="1">0</subfield>
    <subfield code="4">0</subfield>
    <subfield code="7">0</subfield>
    <subfield code="a">BCEJYS</subfield>
    <subfield code="b">BCEJYS</subfield>
    <subfield code="c">17</subfield>
    <subfield code="d">2022-10-01</subfield>
    <subfield code="h">A&#xF1;o 16, N&#xB0; 188 - oct. 2022</subfield>
    <subfield code="l">0</subfield>
    <subfield code="o">H336.22 CON 188</subfield>
    <subfield code="p">R00431</subfield>
    <subfield code="r">2026-04-10 16:06:02</subfield>
    <subfield code="w">2026-04-10</subfield>
    <subfield code="y">RN</subfield>
  </datafield>
  <datafield tag="952" ind1=" " ind2=" ">
    <subfield code="0">0</subfield>
    <subfield code="1">0</subfield>
    <subfield code="4">0</subfield>
    <subfield code="7">0</subfield>
    <subfield code="a">BCEJYS</subfield>
    <subfield code="b">BCEJYS</subfield>
    <subfield code="c">17</subfield>
    <subfield code="d">2022-09-01</subfield>
    <subfield code="h">A&#xF1;o 16, N&#xB0; 187 - sep. 2022</subfield>
    <subfield code="l">0</subfield>
    <subfield code="o">H336.22 CON 187</subfield>
    <subfield code="p">R10535</subfield>
    <subfield code="r">2026-04-10 16:06:02</subfield>
    <subfield code="w">2026-04-10</subfield>
    <subfield code="y">RN</subfield>
  </datafield>
  <datafield tag="952" ind1=" " ind2=" ">
    <subfield code="0">0</subfield>
    <subfield code="1">0</subfield>
    <subfield code="4">0</subfield>
    <subfield code="7">0</subfield>
    <subfield code="a">BCEJYS</subfield>
    <subfield code="b">BCEJYS</subfield>
    <subfield code="c">17</subfield>
    <subfield code="d">2022-08-01</subfield>
    <subfield code="h">A&#xF1;o 16, N&#xB0; 186 - ago. 2022</subfield>
    <subfield code="l">0</subfield>
    <subfield code="o">H336.22 CON 186</subfield>
    <subfield code="p">R10446</subfield>
    <subfield code="r">2026-04-10 16:06:02</subfield>
    <subfield code="w">2026-04-10</subfield>
    <subfield code="y">RN</subfield>
  </datafield>
  <datafield tag="952" ind1=" " ind2=" ">
    <subfield code="0">0</subfield>
    <subfield code="1">0</subfield>
    <subfield code="4">0</subfield>
    <subfield code="7">0</subfield>
    <subfield code="a">BCEJYS</subfield>
    <subfield code="b">BCEJYS</subfield>
    <subfield code="c">17</subfield>
    <subfield code="d">2022-07-01</subfield>
    <subfield code="h">A&#xF1;o 16, N&#xB0; 185 - jul. 2022</subfield>
    <subfield code="l">0</subfield>
    <subfield code="o">H336.22 CON 185</subfield>
    <subfield code="p">R14084</subfield>
    <subfield code="r">2026-04-10 16:06:02</subfield>
    <subfield code="w">2026-04-10</subfield>
    <subfield code="y">RN</subfield>
  </datafield>
  <datafield tag="952" ind1=" " ind2=" ">
    <subfield code="0">0</subfield>
    <subfield code="1">0</subfield>
    <subfield code="4">0</subfield>
    <subfield code="7">0</subfield>
    <subfield code="a">BCEJYS</subfield>
    <subfield code="b">BCEJYS</subfield>
    <subfield code="c">17</subfield>
    <subfield code="d">2022-06-01</subfield>
    <subfield code="h">A&#xF1;o 16, N&#xB0; 184 - jun. 2022</subfield>
    <subfield code="l">0</subfield>
    <subfield code="o">H336.22 CON 184</subfield>
    <subfield code="p">R10337</subfield>
    <subfield code="r">2026-04-10 16:06:02</subfield>
    <subfield code="w">2026-04-10</subfield>
    <subfield code="y">RN</subfield>
  </datafield>
  <datafield tag="952" ind1=" " ind2=" ">
    <subfield code="0">0</subfield>
    <subfield code="1">0</subfield>
    <subfield code="4">0</subfield>
    <subfield code="7">0</subfield>
    <subfield code="a">BCEJYS</subfield>
    <subfield code="b">BCEJYS</subfield>
    <subfield code="c">17</subfield>
    <subfield code="d">2022-05-01</subfield>
    <subfield code="h">A&#xF1;o 16, N&#xB0; 183 - mayo 2022</subfield>
    <subfield code="l">0</subfield>
    <subfield code="o">H336.22 CON 183</subfield>
    <subfield code="p">R00509</subfield>
    <subfield code="r">2026-04-10 16:06:02</subfield>
    <subfield code="w">2026-04-10</subfield>
    <subfield code="y">RN</subfield>
  </datafield>
  <datafield tag="952" ind1=" " ind2=" ">
    <subfield code="0">0</subfield>
    <subfield code="1">0</subfield>
    <subfield code="4">0</subfield>
    <subfield code="7">0</subfield>
    <subfield code="a">BCEJYS</subfield>
    <subfield code="b">BCEJYS</subfield>
    <subfield code="c">17</subfield>
    <subfield code="d">2022-04-01</subfield>
    <subfield code="h">A&#xF1;o 16, N&#xB0; 182 - abr. 2022</subfield>
    <subfield code="l">0</subfield>
    <subfield code="o">H336.22 CON 182</subfield>
    <subfield code="p">R14050</subfield>
    <subfield code="r">2026-04-10 16:06:02</subfield>
    <subfield code="w">2026-04-10</subfield>
    <subfield code="y">RN</subfield>
  </datafield>
  <datafield tag="952" ind1=" " ind2=" ">
    <subfield code="0">0</subfield>
    <subfield code="1">0</subfield>
    <subfield code="4">0</subfield>
    <subfield code="7">0</subfield>
    <subfield code="a">BCEJYS</subfield>
    <subfield code="b">BCEJYS</subfield>
    <subfield code="c">17</subfield>
    <subfield code="d">2022-03-01</subfield>
    <subfield code="h">A&#xF1;o 16, N&#xB0; 181 - mar. 2022</subfield>
    <subfield code="l">0</subfield>
    <subfield code="o">H336.22 CON 181</subfield>
    <subfield code="p">R14130</subfield>
    <subfield code="r">2026-04-10 16:06:02</subfield>
    <subfield code="w">2026-04-10</subfield>
    <subfield code="y">RN</subfield>
  </datafield>
  <datafield tag="952" ind1=" " ind2=" ">
    <subfield code="0">0</subfield>
    <subfield code="1">0</subfield>
    <subfield code="4">0</subfield>
    <subfield code="7">0</subfield>
    <subfield code="a">BCEJYS</subfield>
    <subfield code="b">BCEJYS</subfield>
    <subfield code="c">17</subfield>
    <subfield code="d">2022-02-01</subfield>
    <subfield code="h">A&#xF1;o 16, N&#xB0; 180 - feb. 2022</subfield>
    <subfield code="l">0</subfield>
    <subfield code="o">H336.22 CON 180</subfield>
    <subfield code="p">R14064</subfield>
    <subfield code="r">2026-04-10 16:06:02</subfield>
    <subfield code="w">2026-04-10</subfield>
    <subfield code="y">RN</subfield>
  </datafield>
  <datafield tag="952" ind1=" " ind2=" ">
    <subfield code="0">0</subfield>
    <subfield code="1">0</subfield>
    <subfield code="4">0</subfield>
    <subfield code="7">0</subfield>
    <subfield code="a">BCEJYS</subfield>
    <subfield code="b">BCEJYS</subfield>
    <subfield code="c">17</subfield>
    <subfield code="d">2022-01-01</subfield>
    <subfield code="h">A&#xF1;o 16, N&#xB0; 179 - ene. 2022</subfield>
    <subfield code="l">0</subfield>
    <subfield code="o">H336.22 CON 179</subfield>
    <subfield code="p">R09887</subfield>
    <subfield code="r">2026-04-10 16:06:02</subfield>
    <subfield code="w">2026-04-10</subfield>
    <subfield code="y">RN</subfield>
  </datafield>
  <datafield tag="952" ind1=" " ind2=" ">
    <subfield code="0">0</subfield>
    <subfield code="1">0</subfield>
    <subfield code="4">0</subfield>
    <subfield code="7">0</subfield>
    <subfield code="a">BCEJYS</subfield>
    <subfield code="b">BCEJYS</subfield>
    <subfield code="c">17</subfield>
    <subfield code="d">2021-12-01</subfield>
    <subfield code="h">A&#xF1;o 15, N&#xB0; 178 - dic. 2021</subfield>
    <subfield code="l">0</subfield>
    <subfield code="o">H336.22 CON 178</subfield>
    <subfield code="p">R09906</subfield>
    <subfield code="r">2026-04-10 16:06:02</subfield>
    <subfield code="w">2026-04-10</subfield>
    <subfield code="y">RN</subfield>
  </datafield>
  <datafield tag="952" ind1=" " ind2=" ">
    <subfield code="0">0</subfield>
    <subfield code="1">0</subfield>
    <subfield code="4">0</subfield>
    <subfield code="7">0</subfield>
    <subfield code="a">BCEJYS</subfield>
    <subfield code="b">BCEJYS</subfield>
    <subfield code="c">17</subfield>
    <subfield code="d">2021-11-01</subfield>
    <subfield code="h">A&#xF1;o 15, N&#xB0; 177 - nov. 2021</subfield>
    <subfield code="l">0</subfield>
    <subfield code="o">H336.22 CON 177</subfield>
    <subfield code="p">R23318</subfield>
    <subfield code="r">2026-04-10 16:06:02</subfield>
    <subfield code="w">2026-04-10</subfield>
    <subfield code="y">RN</subfield>
  </datafield>
  <datafield tag="952" ind1=" " ind2=" ">
    <subfield code="0">0</subfield>
    <subfield code="1">0</subfield>
    <subfield code="4">0</subfield>
    <subfield code="7">0</subfield>
    <subfield code="a">BCEJYS</subfield>
    <subfield code="b">BCEJYS</subfield>
    <subfield code="c">17</subfield>
    <subfield code="d">2021-10-01</subfield>
    <subfield code="h">A&#xF1;o 15, N&#xB0; 176 - oct. 2021</subfield>
    <subfield code="l">0</subfield>
    <subfield code="o">H336.22 CON 176</subfield>
    <subfield code="p">R23236</subfield>
    <subfield code="r">2026-04-10 16:06:03</subfield>
    <subfield code="w">2026-04-10</subfield>
    <subfield code="y">RN</subfield>
  </datafield>
  <datafield tag="952" ind1=" " ind2=" ">
    <subfield code="0">0</subfield>
    <subfield code="1">0</subfield>
    <subfield code="4">0</subfield>
    <subfield code="7">0</subfield>
    <subfield code="a">BCEJYS</subfield>
    <subfield code="b">BCEJYS</subfield>
    <subfield code="c">17</subfield>
    <subfield code="d">2021-09-01</subfield>
    <subfield code="h">A&#xF1;o 15, N&#xB0; 175 - set. 2021</subfield>
    <subfield code="l">0</subfield>
    <subfield code="o">H336.22 CON 175</subfield>
    <subfield code="p">R22821</subfield>
    <subfield code="r">2026-04-10 16:06:03</subfield>
    <subfield code="w">2026-04-10</subfield>
    <subfield code="y">RN</subfield>
  </datafield>
  <datafield tag="952" ind1=" " ind2=" ">
    <subfield code="0">0</subfield>
    <subfield code="1">0</subfield>
    <subfield code="4">0</subfield>
    <subfield code="7">0</subfield>
    <subfield code="a">BCEJYS</subfield>
    <subfield code="b">BCEJYS</subfield>
    <subfield code="c">17</subfield>
    <subfield code="d">2021-08-01</subfield>
    <subfield code="h">A&#xF1;o 15, N&#xBA; 174 - ago. 2021</subfield>
    <subfield code="l">0</subfield>
    <subfield code="o">H336.22 CON 174</subfield>
    <subfield code="p">R22684</subfield>
    <subfield code="r">2026-04-10 16:06:03</subfield>
    <subfield code="w">2026-04-10</subfield>
    <subfield code="y">RN</subfield>
  </datafield>
  <datafield tag="952" ind1=" " ind2=" ">
    <subfield code="0">0</subfield>
    <subfield code="1">0</subfield>
    <subfield code="4">0</subfield>
    <subfield code="7">0</subfield>
    <subfield code="a">BCEJYS</subfield>
    <subfield code="b">BCEJYS</subfield>
    <subfield code="c">17</subfield>
    <subfield code="d">2021-07-01</subfield>
    <subfield code="h">A&#xF1;o 15, N&#xB0; 173 - jul. 2021</subfield>
    <subfield code="l">0</subfield>
    <subfield code="o">H336.22 CON 173</subfield>
    <subfield code="p">R22668</subfield>
    <subfield code="r">2026-04-10 16:06:03</subfield>
    <subfield code="w">2026-04-10</subfield>
    <subfield code="y">RN</subfield>
  </datafield>
  <datafield tag="952" ind1=" " ind2=" ">
    <subfield code="0">0</subfield>
    <subfield code="1">0</subfield>
    <subfield code="4">0</subfield>
    <subfield code="7">0</subfield>
    <subfield code="a">BCEJYS</subfield>
    <subfield code="b">BCEJYS</subfield>
    <subfield code="c">17</subfield>
    <subfield code="d">2021-06-01</subfield>
    <subfield code="h">A&#xF1;o 15, N&#xB0; 172 - jun. 2021</subfield>
    <subfield code="l">0</subfield>
    <subfield code="o">H336.22 CON 172</subfield>
    <subfield code="p">R22647</subfield>
    <subfield code="r">2026-04-10 16:06:03</subfield>
    <subfield code="w">2026-04-10</subfield>
    <subfield code="y">RN</subfield>
  </datafield>
  <datafield tag="952" ind1=" " ind2=" ">
    <subfield code="0">0</subfield>
    <subfield code="1">0</subfield>
    <subfield code="4">0</subfield>
    <subfield code="7">0</subfield>
    <subfield code="a">BCEJYS</subfield>
    <subfield code="b">BCEJYS</subfield>
    <subfield code="c">17</subfield>
    <subfield code="d">2021-05-01</subfield>
    <subfield code="h">A&#xF1;o 15, N&#xB0; 171 - mayo 2021</subfield>
    <subfield code="l">0</subfield>
    <subfield code="o">H336.22 CON 171</subfield>
    <subfield code="p">R22630</subfield>
    <subfield code="r">2026-04-10 16:06:03</subfield>
    <subfield code="w">2026-04-10</subfield>
    <subfield code="y">RN</subfield>
  </datafield>
  <datafield tag="952" ind1=" " ind2=" ">
    <subfield code="0">0</subfield>
    <subfield code="1">0</subfield>
    <subfield code="4">0</subfield>
    <subfield code="7">0</subfield>
    <subfield code="a">BCEJYS</subfield>
    <subfield code="b">BCEJYS</subfield>
    <subfield code="c">17</subfield>
    <subfield code="d">2021-04-01</subfield>
    <subfield code="h">A&#xF1;o 15, N&#xB0; 170 - abr. 2021</subfield>
    <subfield code="l">0</subfield>
    <subfield code="o">H336.22 CON 170</subfield>
    <subfield code="p">R22614</subfield>
    <subfield code="r">2026-04-10 16:06:03</subfield>
    <subfield code="w">2026-04-10</subfield>
    <subfield code="y">RN</subfield>
  </datafield>
  <datafield tag="952" ind1=" " ind2=" ">
    <subfield code="0">0</subfield>
    <subfield code="1">0</subfield>
    <subfield code="4">0</subfield>
    <subfield code="7">0</subfield>
    <subfield code="a">BCEJYS</subfield>
    <subfield code="b">BCEJYS</subfield>
    <subfield code="c">17</subfield>
    <subfield code="d">2021-03-01</subfield>
    <subfield code="h">A&#xF1;o 15, N&#xB0; 169 - mar. 2021</subfield>
    <subfield code="l">0</subfield>
    <subfield code="o">H336.22 CON 169</subfield>
    <subfield code="p">R22596</subfield>
    <subfield code="r">2026-04-10 16:06:03</subfield>
    <subfield code="w">2026-04-10</subfield>
    <subfield code="y">RN</subfield>
  </datafield>
  <datafield tag="952" ind1=" " ind2=" ">
    <subfield code="0">0</subfield>
    <subfield code="1">0</subfield>
    <subfield code="4">0</subfield>
    <subfield code="7">0</subfield>
    <subfield code="a">BCEJYS</subfield>
    <subfield code="b">BCEJYS</subfield>
    <subfield code="c">17</subfield>
    <subfield code="d">2021-02-01</subfield>
    <subfield code="h">A&#xF1;o 15, N&#xB0; 168 - feb. 2021</subfield>
    <subfield code="l">0</subfield>
    <subfield code="o">H336.22 CON 168</subfield>
    <subfield code="p">R22476</subfield>
    <subfield code="r">2026-04-10 16:06:03</subfield>
    <subfield code="w">2026-04-10</subfield>
    <subfield code="y">RN</subfield>
  </datafield>
  <datafield tag="952" ind1=" " ind2=" ">
    <subfield code="0">0</subfield>
    <subfield code="1">0</subfield>
    <subfield code="4">0</subfield>
    <subfield code="7">0</subfield>
    <subfield code="a">BCEJYS</subfield>
    <subfield code="b">BCEJYS</subfield>
    <subfield code="c">17</subfield>
    <subfield code="d">2021-01-01</subfield>
    <subfield code="h">A&#xF1;o 15, N&#xB0; 167 - ene. 2021</subfield>
    <subfield code="l">0</subfield>
    <subfield code="o">H336.22 CON 167</subfield>
    <subfield code="p">R22563</subfield>
    <subfield code="r">2026-04-10 16:06:03</subfield>
    <subfield code="w">2026-04-10</subfield>
    <subfield code="y">RN</subfield>
  </datafield>
  <datafield tag="952" ind1=" " ind2=" ">
    <subfield code="0">0</subfield>
    <subfield code="1">0</subfield>
    <subfield code="4">0</subfield>
    <subfield code="7">0</subfield>
    <subfield code="a">BCEJYS</subfield>
    <subfield code="b">BCEJYS</subfield>
    <subfield code="c">17</subfield>
    <subfield code="d">2020-12-01</subfield>
    <subfield code="h">A&#xF1;o 14, N&#xB0; 166 - dic. 2020</subfield>
    <subfield code="l">0</subfield>
    <subfield code="o">H336.22 CON 166</subfield>
    <subfield code="p">R22514</subfield>
    <subfield code="r">2026-04-10 16:06:03</subfield>
    <subfield code="w">2026-04-10</subfield>
    <subfield code="y">RN</subfield>
  </datafield>
  <datafield tag="952" ind1=" " ind2=" ">
    <subfield code="0">0</subfield>
    <subfield code="1">0</subfield>
    <subfield code="4">0</subfield>
    <subfield code="7">0</subfield>
    <subfield code="a">BCEJYS</subfield>
    <subfield code="b">BCEJYS</subfield>
    <subfield code="c">17</subfield>
    <subfield code="d">2020-11-01</subfield>
    <subfield code="h">A&#xF1;o 14, N&#xB0; 165 - nov. 2020</subfield>
    <subfield code="l">0</subfield>
    <subfield code="o">H336.22 CON 165</subfield>
    <subfield code="p">R22513</subfield>
    <subfield code="r">2026-04-10 16:06:03</subfield>
    <subfield code="w">2026-04-10</subfield>
    <subfield code="y">RN</subfield>
  </datafield>
  <datafield tag="952" ind1=" " ind2=" ">
    <subfield code="0">0</subfield>
    <subfield code="1">0</subfield>
    <subfield code="4">0</subfield>
    <subfield code="7">0</subfield>
    <subfield code="a">BCEJYS</subfield>
    <subfield code="b">BCEJYS</subfield>
    <subfield code="c">17</subfield>
    <subfield code="d">2020-10-01</subfield>
    <subfield code="h">A&#xF1;o 14, N&#xB0; 164 - oct. 2020</subfield>
    <subfield code="l">0</subfield>
    <subfield code="o">H336.22 CON 164</subfield>
    <subfield code="p">R22481</subfield>
    <subfield code="r">2026-04-10 16:06:03</subfield>
    <subfield code="w">2026-04-10</subfield>
    <subfield code="y">RN</subfield>
  </datafield>
  <datafield tag="952" ind1=" " ind2=" ">
    <subfield code="0">0</subfield>
    <subfield code="1">0</subfield>
    <subfield code="4">0</subfield>
    <subfield code="7">0</subfield>
    <subfield code="a">BCEJYS</subfield>
    <subfield code="b">BCEJYS</subfield>
    <subfield code="c">17</subfield>
    <subfield code="d">2020-09-01</subfield>
    <subfield code="h">A&#xF1;o 14, N&#xB0; 163 - sep. 2020</subfield>
    <subfield code="l">0</subfield>
    <subfield code="o">H336.22 CON 163</subfield>
    <subfield code="p">R22472</subfield>
    <subfield code="r">2026-04-10 16:06:03</subfield>
    <subfield code="w">2026-04-10</subfield>
    <subfield code="y">RN</subfield>
  </datafield>
  <datafield tag="952" ind1=" " ind2=" ">
    <subfield code="0">0</subfield>
    <subfield code="1">0</subfield>
    <subfield code="4">0</subfield>
    <subfield code="7">0</subfield>
    <subfield code="a">BCEJYS</subfield>
    <subfield code="b">BCEJYS</subfield>
    <subfield code="c">17</subfield>
    <subfield code="d">2020-08-01</subfield>
    <subfield code="h">A&#xF1;o 14, N&#xB0; 162 - ago. 2020</subfield>
    <subfield code="l">0</subfield>
    <subfield code="o">H336.22 CON 162</subfield>
    <subfield code="p">R22471</subfield>
    <subfield code="r">2026-04-10 16:06:03</subfield>
    <subfield code="w">2026-04-10</subfield>
    <subfield code="y">RN</subfield>
  </datafield>
  <datafield tag="952" ind1=" " ind2=" ">
    <subfield code="0">0</subfield>
    <subfield code="1">0</subfield>
    <subfield code="4">0</subfield>
    <subfield code="7">0</subfield>
    <subfield code="a">BCEJYS</subfield>
    <subfield code="b">BCEJYS</subfield>
    <subfield code="c">17</subfield>
    <subfield code="d">2020-07-01</subfield>
    <subfield code="h">A&#xF1;o 14, N&#xB0; 161 - jul. 2020</subfield>
    <subfield code="l">0</subfield>
    <subfield code="o">H336.22 CON 161</subfield>
    <subfield code="p">R22416</subfield>
    <subfield code="r">2026-04-10 16:06:03</subfield>
    <subfield code="w">2026-04-10</subfield>
    <subfield code="y">RN</subfield>
  </datafield>
  <datafield tag="952" ind1=" " ind2=" ">
    <subfield code="0">0</subfield>
    <subfield code="1">0</subfield>
    <subfield code="4">0</subfield>
    <subfield code="7">0</subfield>
    <subfield code="a">BCEJYS</subfield>
    <subfield code="b">BCEJYS</subfield>
    <subfield code="c">17</subfield>
    <subfield code="d">2020-06-01</subfield>
    <subfield code="h">A&#xF1;o 14, N&#xB0; 160 - jun. 2020</subfield>
    <subfield code="l">0</subfield>
    <subfield code="o">H336.22 CON 160</subfield>
    <subfield code="p">R22506</subfield>
    <subfield code="r">2026-04-10 16:06:03</subfield>
    <subfield code="w">2026-04-10</subfield>
    <subfield code="y">RN</subfield>
  </datafield>
  <datafield tag="952" ind1=" " ind2=" ">
    <subfield code="0">0</subfield>
    <subfield code="1">0</subfield>
    <subfield code="4">0</subfield>
    <subfield code="7">0</subfield>
    <subfield code="a">BCEJYS</subfield>
    <subfield code="b">BCEJYS</subfield>
    <subfield code="c">17</subfield>
    <subfield code="d">2020-05-01</subfield>
    <subfield code="h">A&#xF1;o 14, N&#xB0; 159 - mayo 2020</subfield>
    <subfield code="l">0</subfield>
    <subfield code="o">H336.22 CON 159</subfield>
    <subfield code="p">R22480</subfield>
    <subfield code="r">2026-04-10 16:06:03</subfield>
    <subfield code="w">2026-04-10</subfield>
    <subfield code="y">RN</subfield>
  </datafield>
  <datafield tag="952" ind1=" " ind2=" ">
    <subfield code="0">0</subfield>
    <subfield code="1">0</subfield>
    <subfield code="4">0</subfield>
    <subfield code="7">0</subfield>
    <subfield code="a">BCEJYS</subfield>
    <subfield code="b">BCEJYS</subfield>
    <subfield code="c">17</subfield>
    <subfield code="d">2020-04-01</subfield>
    <subfield code="h">A&#xF1;o 14, N&#xB0; 158 - abr. 2020</subfield>
    <subfield code="l">0</subfield>
    <subfield code="o">H336.22 CON 158</subfield>
    <subfield code="p">R22479</subfield>
    <subfield code="r">2026-04-10 16:06:03</subfield>
    <subfield code="w">2026-04-10</subfield>
    <subfield code="y">RN</subfield>
  </datafield>
  <datafield tag="952" ind1=" " ind2=" ">
    <subfield code="0">0</subfield>
    <subfield code="1">0</subfield>
    <subfield code="4">0</subfield>
    <subfield code="7">0</subfield>
    <subfield code="a">BCEJYS</subfield>
    <subfield code="b">BCEJYS</subfield>
    <subfield code="c">17</subfield>
    <subfield code="d">2020-03-01</subfield>
    <subfield code="h">A&#xF1;o 14, N&#xB0; 157 - mar. 2020</subfield>
    <subfield code="l">0</subfield>
    <subfield code="o">H336.22 CON 157</subfield>
    <subfield code="p">R22478</subfield>
    <subfield code="r">2026-04-10 16:06:03</subfield>
    <subfield code="w">2026-04-10</subfield>
    <subfield code="y">RN</subfield>
  </datafield>
  <datafield tag="952" ind1=" " ind2=" ">
    <subfield code="0">0</subfield>
    <subfield code="1">0</subfield>
    <subfield code="4">0</subfield>
    <subfield code="7">0</subfield>
    <subfield code="a">BCEJYS</subfield>
    <subfield code="b">BCEJYS</subfield>
    <subfield code="c">17</subfield>
    <subfield code="d">2020-02-01</subfield>
    <subfield code="h">A&#xF1;o 14, N&#xB0; 156 - feb. 2020</subfield>
    <subfield code="l">0</subfield>
    <subfield code="o">H336.22 CON 156</subfield>
    <subfield code="p">R22385</subfield>
    <subfield code="r">2026-04-10 16:06:03</subfield>
    <subfield code="w">2026-04-10</subfield>
    <subfield code="y">RN</subfield>
  </datafield>
  <datafield tag="952" ind1=" " ind2=" ">
    <subfield code="0">0</subfield>
    <subfield code="1">0</subfield>
    <subfield code="4">0</subfield>
    <subfield code="7">0</subfield>
    <subfield code="a">BCEJYS</subfield>
    <subfield code="b">BCEJYS</subfield>
    <subfield code="c">17</subfield>
    <subfield code="d">2020-01-01</subfield>
    <subfield code="h">A&#xF1;o 14, N&#xB0; 155 - ene. 2020</subfield>
    <subfield code="l">0</subfield>
    <subfield code="o">H336.22 CON 155</subfield>
    <subfield code="p">R22354</subfield>
    <subfield code="r">2026-04-10 16:06:03</subfield>
    <subfield code="w">2026-04-10</subfield>
    <subfield code="y">RN</subfield>
  </datafield>
  <datafield tag="952" ind1=" " ind2=" ">
    <subfield code="0">0</subfield>
    <subfield code="1">0</subfield>
    <subfield code="4">0</subfield>
    <subfield code="7">0</subfield>
    <subfield code="a">BCEJYS</subfield>
    <subfield code="b">BCEJYS</subfield>
    <subfield code="c">17</subfield>
    <subfield code="d">2019-12-01</subfield>
    <subfield code="h">A&#xF1;o 13, N&#xB0; 154 - dic. 2019</subfield>
    <subfield code="l">0</subfield>
    <subfield code="o">H336.22 CON 154</subfield>
    <subfield code="p">R22350</subfield>
    <subfield code="r">2026-04-10 16:06:03</subfield>
    <subfield code="w">2026-04-10</subfield>
    <subfield code="y">RN</subfield>
  </datafield>
  <datafield tag="952" ind1=" " ind2=" ">
    <subfield code="0">0</subfield>
    <subfield code="1">0</subfield>
    <subfield code="4">0</subfield>
    <subfield code="7">0</subfield>
    <subfield code="a">BCEJYS</subfield>
    <subfield code="b">BCEJYS</subfield>
    <subfield code="c">17</subfield>
    <subfield code="d">2019-11-01</subfield>
    <subfield code="h">A&#xF1;o 13, N&#xB0; 153 - nov. 2019</subfield>
    <subfield code="l">0</subfield>
    <subfield code="o">H336.22 CON 153</subfield>
    <subfield code="p">R22326</subfield>
    <subfield code="r">2026-04-10 16:06:03</subfield>
    <subfield code="w">2026-04-10</subfield>
    <subfield code="y">RN</subfield>
  </datafield>
  <datafield tag="952" ind1=" " ind2=" ">
    <subfield code="0">0</subfield>
    <subfield code="1">0</subfield>
    <subfield code="4">0</subfield>
    <subfield code="7">0</subfield>
    <subfield code="a">BCEJYS</subfield>
    <subfield code="b">BCEJYS</subfield>
    <subfield code="c">17</subfield>
    <subfield code="d">2019-10-01</subfield>
    <subfield code="h">A&#xF1;o 13, N&#xB0; 152 - oct. 2019</subfield>
    <subfield code="l">0</subfield>
    <subfield code="o">H336.22 CON 152</subfield>
    <subfield code="p">R22311</subfield>
    <subfield code="r">2026-04-10 16:06:03</subfield>
    <subfield code="w">2026-04-10</subfield>
    <subfield code="y">RN</subfield>
  </datafield>
  <datafield tag="952" ind1=" " ind2=" ">
    <subfield code="0">0</subfield>
    <subfield code="1">0</subfield>
    <subfield code="4">0</subfield>
    <subfield code="7">0</subfield>
    <subfield code="a">BCEJYS</subfield>
    <subfield code="b">BCEJYS</subfield>
    <subfield code="c">17</subfield>
    <subfield code="d">2019-09-01</subfield>
    <subfield code="h">A&#xF1;o 13, N&#xB0; 151 - sep. 2019</subfield>
    <subfield code="l">0</subfield>
    <subfield code="o">H336.22 CON 151</subfield>
    <subfield code="p">R22278</subfield>
    <subfield code="r">2026-04-10 16:06:03</subfield>
    <subfield code="w">2026-04-10</subfield>
    <subfield code="y">RN</subfield>
  </datafield>
  <datafield tag="952" ind1=" " ind2=" ">
    <subfield code="0">0</subfield>
    <subfield code="1">0</subfield>
    <subfield code="4">0</subfield>
    <subfield code="7">0</subfield>
    <subfield code="a">BCEJYS</subfield>
    <subfield code="b">BCEJYS</subfield>
    <subfield code="c">17</subfield>
    <subfield code="d">2019-08-01</subfield>
    <subfield code="h">A&#xF1;o 13, N&#xB0; 150 - ago. 2019</subfield>
    <subfield code="l">0</subfield>
    <subfield code="o">H336.22 CON 150</subfield>
    <subfield code="p">R22258</subfield>
    <subfield code="r">2026-04-10 16:06:03</subfield>
    <subfield code="w">2026-04-10</subfield>
    <subfield code="y">RN</subfield>
  </datafield>
  <datafield tag="952" ind1=" " ind2=" ">
    <subfield code="0">0</subfield>
    <subfield code="1">0</subfield>
    <subfield code="4">0</subfield>
    <subfield code="7">0</subfield>
    <subfield code="a">BCEJYS</subfield>
    <subfield code="b">BCEJYS</subfield>
    <subfield code="c">17</subfield>
    <subfield code="d">2019-07-01</subfield>
    <subfield code="h">A&#xF1;o 13, N&#xB0; 149 - jul. 2019</subfield>
    <subfield code="l">0</subfield>
    <subfield code="o">H336.22 CON 149</subfield>
    <subfield code="p">R22240</subfield>
    <subfield code="r">2026-04-10 16:06:03</subfield>
    <subfield code="w">2026-04-10</subfield>
    <subfield code="y">RN</subfield>
  </datafield>
  <datafield tag="952" ind1=" " ind2=" ">
    <subfield code="0">0</subfield>
    <subfield code="1">0</subfield>
    <subfield code="4">0</subfield>
    <subfield code="7">0</subfield>
    <subfield code="a">BCEJYS</subfield>
    <subfield code="b">BCEJYS</subfield>
    <subfield code="c">17</subfield>
    <subfield code="d">2019-06-01</subfield>
    <subfield code="h">A&#xF1;o 13, N&#xB0; 148 - jun. 2019</subfield>
    <subfield code="l">0</subfield>
    <subfield code="o">H336.22 CON 148</subfield>
    <subfield code="p">R22211</subfield>
    <subfield code="r">2026-04-10 16:06:03</subfield>
    <subfield code="w">2026-04-10</subfield>
    <subfield code="y">RN</subfield>
  </datafield>
  <datafield tag="952" ind1=" " ind2=" ">
    <subfield code="0">0</subfield>
    <subfield code="1">0</subfield>
    <subfield code="4">0</subfield>
    <subfield code="7">0</subfield>
    <subfield code="a">BCEJYS</subfield>
    <subfield code="b">BCEJYS</subfield>
    <subfield code="c">17</subfield>
    <subfield code="d">2019-05-01</subfield>
    <subfield code="h">A&#xF1;o 13, N&#xB0; 147 - mayo 2019</subfield>
    <subfield code="l">0</subfield>
    <subfield code="o">H336.22 CON 147</subfield>
    <subfield code="p">R22193</subfield>
    <subfield code="r">2026-04-10 16:06:03</subfield>
    <subfield code="w">2026-04-10</subfield>
    <subfield code="y">RN</subfield>
  </datafield>
  <datafield tag="952" ind1=" " ind2=" ">
    <subfield code="0">0</subfield>
    <subfield code="1">0</subfield>
    <subfield code="4">0</subfield>
    <subfield code="7">0</subfield>
    <subfield code="a">BCEJYS</subfield>
    <subfield code="b">BCEJYS</subfield>
    <subfield code="c">17</subfield>
    <subfield code="d">2019-04-01</subfield>
    <subfield code="h">A&#xF1;o 13, N&#xB0; 146 - abr. 2019</subfield>
    <subfield code="l">0</subfield>
    <subfield code="o">H336.22 CON 146</subfield>
    <subfield code="p">R22175</subfield>
    <subfield code="r">2026-04-10 16:06:03</subfield>
    <subfield code="w">2026-04-10</subfield>
    <subfield code="y">RN</subfield>
  </datafield>
  <datafield tag="952" ind1=" " ind2=" ">
    <subfield code="0">0</subfield>
    <subfield code="1">0</subfield>
    <subfield code="4">0</subfield>
    <subfield code="7">0</subfield>
    <subfield code="a">BCEJYS</subfield>
    <subfield code="b">BCEJYS</subfield>
    <subfield code="c">17</subfield>
    <subfield code="d">2019-03-01</subfield>
    <subfield code="h">A&#xF1;o 13, N&#xB0; 145 - mar. 2019</subfield>
    <subfield code="l">0</subfield>
    <subfield code="o">H336.22 CON 145</subfield>
    <subfield code="p">R22154</subfield>
    <subfield code="r">2026-04-10 16:06:03</subfield>
    <subfield code="w">2026-04-10</subfield>
    <subfield code="y">RN</subfield>
  </datafield>
  <datafield tag="952" ind1=" " ind2=" ">
    <subfield code="0">0</subfield>
    <subfield code="1">0</subfield>
    <subfield code="4">0</subfield>
    <subfield code="7">0</subfield>
    <subfield code="a">BCEJYS</subfield>
    <subfield code="b">BCEJYS</subfield>
    <subfield code="c">17</subfield>
    <subfield code="d">2019-02-01</subfield>
    <subfield code="h">A&#xF1;o 13, N&#xB0; 144 - feb. 2019</subfield>
    <subfield code="l">0</subfield>
    <subfield code="o">H336.22 CON 144</subfield>
    <subfield code="p">R22132</subfield>
    <subfield code="r">2026-04-10 16:06:03</subfield>
    <subfield code="w">2026-04-10</subfield>
    <subfield code="y">RN</subfield>
  </datafield>
  <datafield tag="952" ind1=" " ind2=" ">
    <subfield code="0">0</subfield>
    <subfield code="1">0</subfield>
    <subfield code="4">0</subfield>
    <subfield code="7">0</subfield>
    <subfield code="a">BCEJYS</subfield>
    <subfield code="b">BCEJYS</subfield>
    <subfield code="c">17</subfield>
    <subfield code="d">2019-01-01</subfield>
    <subfield code="h">A&#xF1;o 13, N&#xB0; 143 - ene. 2019</subfield>
    <subfield code="l">0</subfield>
    <subfield code="o">H336.22 CON 143</subfield>
    <subfield code="p">R22096</subfield>
    <subfield code="r">2026-04-10 16:06:03</subfield>
    <subfield code="w">2026-04-10</subfield>
    <subfield code="y">RN</subfield>
  </datafield>
  <datafield tag="952" ind1=" " ind2=" ">
    <subfield code="0">0</subfield>
    <subfield code="1">0</subfield>
    <subfield code="4">0</subfield>
    <subfield code="7">0</subfield>
    <subfield code="a">BCEJYS</subfield>
    <subfield code="b">BCEJYS</subfield>
    <subfield code="c">17</subfield>
    <subfield code="d">2018-12-01</subfield>
    <subfield code="h">A&#xF1;o 12, N&#xB0; 142 - dic. 2018</subfield>
    <subfield code="l">0</subfield>
    <subfield code="o">H336.22 CON 142</subfield>
    <subfield code="p">R22073</subfield>
    <subfield code="r">2026-04-10 16:06:03</subfield>
    <subfield code="w">2026-04-10</subfield>
    <subfield code="y">RN</subfield>
  </datafield>
  <datafield tag="952" ind1=" " ind2=" ">
    <subfield code="0">0</subfield>
    <subfield code="1">0</subfield>
    <subfield code="4">0</subfield>
    <subfield code="7">0</subfield>
    <subfield code="a">BCEJYS</subfield>
    <subfield code="b">BCEJYS</subfield>
    <subfield code="c">17</subfield>
    <subfield code="d">2018-11-01</subfield>
    <subfield code="h">A&#xF1;o 12, N&#xB0; 141 - nov. 2018</subfield>
    <subfield code="l">0</subfield>
    <subfield code="o">H336.22 CON 141</subfield>
    <subfield code="p">R22056</subfield>
    <subfield code="r">2026-04-10 16:06:03</subfield>
    <subfield code="w">2026-04-10</subfield>
    <subfield code="y">RN</subfield>
  </datafield>
  <datafield tag="952" ind1=" " ind2=" ">
    <subfield code="0">0</subfield>
    <subfield code="1">0</subfield>
    <subfield code="4">0</subfield>
    <subfield code="7">0</subfield>
    <subfield code="a">BCEJYS</subfield>
    <subfield code="b">BCEJYS</subfield>
    <subfield code="c">17</subfield>
    <subfield code="d">2018-10-01</subfield>
    <subfield code="h">A&#xF1;o 12, N&#xB0; 140 - oct. 2018</subfield>
    <subfield code="l">0</subfield>
    <subfield code="o">H336.22 CON 140</subfield>
    <subfield code="p">R22037</subfield>
    <subfield code="r">2026-04-10 16:06:03</subfield>
    <subfield code="w">2026-04-10</subfield>
    <subfield code="y">RN</subfield>
  </datafield>
  <datafield tag="952" ind1=" " ind2=" ">
    <subfield code="0">0</subfield>
    <subfield code="1">0</subfield>
    <subfield code="4">0</subfield>
    <subfield code="7">0</subfield>
    <subfield code="a">BCEJYS</subfield>
    <subfield code="b">BCEJYS</subfield>
    <subfield code="c">17</subfield>
    <subfield code="d">2018-09-01</subfield>
    <subfield code="h">A&#xF1;o 12, N&#xB0; 139 - sep. 2018</subfield>
    <subfield code="l">0</subfield>
    <subfield code="o">H336.22 CON 139</subfield>
    <subfield code="p">R22013</subfield>
    <subfield code="r">2026-04-10 16:06:03</subfield>
    <subfield code="w">2026-04-10</subfield>
    <subfield code="y">RN</subfield>
  </datafield>
  <datafield tag="952" ind1=" " ind2=" ">
    <subfield code="0">0</subfield>
    <subfield code="1">0</subfield>
    <subfield code="4">0</subfield>
    <subfield code="7">0</subfield>
    <subfield code="a">BCEJYS</subfield>
    <subfield code="b">BCEJYS</subfield>
    <subfield code="c">17</subfield>
    <subfield code="d">2018-08-01</subfield>
    <subfield code="h">A&#xF1;o 12, N&#xB0; 138 - ago. 2018</subfield>
    <subfield code="l">0</subfield>
    <subfield code="o">H336.22 CON 138</subfield>
    <subfield code="p">R21979</subfield>
    <subfield code="r">2026-04-10 16:06:03</subfield>
    <subfield code="w">2026-04-10</subfield>
    <subfield code="y">RN</subfield>
  </datafield>
  <datafield tag="952" ind1=" " ind2=" ">
    <subfield code="0">0</subfield>
    <subfield code="1">0</subfield>
    <subfield code="4">0</subfield>
    <subfield code="7">0</subfield>
    <subfield code="a">BCEJYS</subfield>
    <subfield code="b">BCEJYS</subfield>
    <subfield code="c">17</subfield>
    <subfield code="d">2018-07-01</subfield>
    <subfield code="h">A&#xF1;o 12, N&#xB0; 137 - jul. 2018</subfield>
    <subfield code="l">0</subfield>
    <subfield code="o">H336.22 CON 137</subfield>
    <subfield code="p">R21916</subfield>
    <subfield code="r">2026-04-10 16:06:03</subfield>
    <subfield code="w">2026-04-10</subfield>
    <subfield code="y">RN</subfield>
  </datafield>
  <datafield tag="952" ind1=" " ind2=" ">
    <subfield code="0">0</subfield>
    <subfield code="1">0</subfield>
    <subfield code="4">0</subfield>
    <subfield code="7">0</subfield>
    <subfield code="a">BCEJYS</subfield>
    <subfield code="b">BCEJYS</subfield>
    <subfield code="c">17</subfield>
    <subfield code="d">2018-06-01</subfield>
    <subfield code="h">A&#xF1;o 12, N&#xB0; 136 - jun. 2018</subfield>
    <subfield code="l">0</subfield>
    <subfield code="o">H336.22 CON 136</subfield>
    <subfield code="p">R21892</subfield>
    <subfield code="r">2026-04-10 16:06:03</subfield>
    <subfield code="w">2026-04-10</subfield>
    <subfield code="y">RN</subfield>
  </datafield>
  <datafield tag="952" ind1=" " ind2=" ">
    <subfield code="0">0</subfield>
    <subfield code="1">0</subfield>
    <subfield code="4">0</subfield>
    <subfield code="7">0</subfield>
    <subfield code="a">BCEJYS</subfield>
    <subfield code="b">BCEJYS</subfield>
    <subfield code="c">17</subfield>
    <subfield code="d">2018-05-01</subfield>
    <subfield code="h">A&#xF1;o 12, N&#xB0; 135 - mayo 2018</subfield>
    <subfield code="l">0</subfield>
    <subfield code="o">H336.22 CON 135</subfield>
    <subfield code="p">R21876</subfield>
    <subfield code="r">2026-04-10 16:06:03</subfield>
    <subfield code="w">2026-04-10</subfield>
    <subfield code="y">RN</subfield>
  </datafield>
  <datafield tag="952" ind1=" " ind2=" ">
    <subfield code="0">0</subfield>
    <subfield code="1">0</subfield>
    <subfield code="4">0</subfield>
    <subfield code="7">0</subfield>
    <subfield code="a">BCEJYS</subfield>
    <subfield code="b">BCEJYS</subfield>
    <subfield code="c">17</subfield>
    <subfield code="d">2018-04-01</subfield>
    <subfield code="h">A&#xF1;o 12, N&#xB0; 134 - abr. 2018</subfield>
    <subfield code="l">0</subfield>
    <subfield code="o">H336.22 CON 134</subfield>
    <subfield code="p">R21865</subfield>
    <subfield code="r">2026-04-10 16:06:03</subfield>
    <subfield code="w">2026-04-10</subfield>
    <subfield code="y">RN</subfield>
  </datafield>
  <datafield tag="952" ind1=" " ind2=" ">
    <subfield code="0">0</subfield>
    <subfield code="1">0</subfield>
    <subfield code="4">0</subfield>
    <subfield code="7">0</subfield>
    <subfield code="a">BCEJYS</subfield>
    <subfield code="b">BCEJYS</subfield>
    <subfield code="c">17</subfield>
    <subfield code="d">2018-03-01</subfield>
    <subfield code="h">A&#xF1;o 12, N&#xBA; 133 - mar. 2018</subfield>
    <subfield code="l">0</subfield>
    <subfield code="o">H336.22 CON 133</subfield>
    <subfield code="p">R21777</subfield>
    <subfield code="r">2026-04-10 16:06:03</subfield>
    <subfield code="w">2026-04-10</subfield>
    <subfield code="y">RN</subfield>
  </datafield>
  <datafield tag="952" ind1=" " ind2=" ">
    <subfield code="0">0</subfield>
    <subfield code="1">0</subfield>
    <subfield code="4">0</subfield>
    <subfield code="7">0</subfield>
    <subfield code="a">BCEJYS</subfield>
    <subfield code="b">BCEJYS</subfield>
    <subfield code="c">17</subfield>
    <subfield code="d">2018-02-01</subfield>
    <subfield code="h">A&#xF1;o 12, N&#xBA; 132 - feb. 2018</subfield>
    <subfield code="l">0</subfield>
    <subfield code="o">H336.22 CON 132</subfield>
    <subfield code="p">R21776</subfield>
    <subfield code="r">2026-04-10 16:06:03</subfield>
    <subfield code="w">2026-04-10</subfield>
    <subfield code="y">RN</subfield>
  </datafield>
  <datafield tag="952" ind1=" " ind2=" ">
    <subfield code="0">0</subfield>
    <subfield code="1">0</subfield>
    <subfield code="4">0</subfield>
    <subfield code="7">0</subfield>
    <subfield code="a">BCEJYS</subfield>
    <subfield code="b">BCEJYS</subfield>
    <subfield code="c">17</subfield>
    <subfield code="d">2018-01-01</subfield>
    <subfield code="h">A&#xF1;o 12, N&#xBA; 131 - ene. 2018</subfield>
    <subfield code="l">0</subfield>
    <subfield code="o">H336.22 CON 131</subfield>
    <subfield code="p">R21724</subfield>
    <subfield code="r">2026-04-10 16:06:03</subfield>
    <subfield code="w">2026-04-10</subfield>
    <subfield code="y">RN</subfield>
  </datafield>
  <datafield tag="952" ind1=" " ind2=" ">
    <subfield code="0">0</subfield>
    <subfield code="1">0</subfield>
    <subfield code="4">0</subfield>
    <subfield code="7">0</subfield>
    <subfield code="a">BCEJYS</subfield>
    <subfield code="b">BCEJYS</subfield>
    <subfield code="c">17</subfield>
    <subfield code="d">2017-12-01</subfield>
    <subfield code="h">A&#xF1;o 11, N&#xBA; 130 - dic. 2017</subfield>
    <subfield code="l">0</subfield>
    <subfield code="o">H336.22 CON 130</subfield>
    <subfield code="p">R21723</subfield>
    <subfield code="r">2026-04-10 16:06:03</subfield>
    <subfield code="w">2026-04-10</subfield>
    <subfield code="y">RN</subfield>
  </datafield>
  <datafield tag="952" ind1=" " ind2=" ">
    <subfield code="0">0</subfield>
    <subfield code="1">0</subfield>
    <subfield code="4">0</subfield>
    <subfield code="7">0</subfield>
    <subfield code="a">BCEJYS</subfield>
    <subfield code="b">BCEJYS</subfield>
    <subfield code="c">17</subfield>
    <subfield code="d">2017-11-01</subfield>
    <subfield code="h">A&#xF1;o 11, N&#xBA; 129 - nov. 2017</subfield>
    <subfield code="l">0</subfield>
    <subfield code="o">H336.22 CON 129</subfield>
    <subfield code="p">R21722</subfield>
    <subfield code="r">2026-04-10 16:06:03</subfield>
    <subfield code="w">2026-04-10</subfield>
    <subfield code="y">RN</subfield>
  </datafield>
  <datafield tag="952" ind1=" " ind2=" ">
    <subfield code="0">0</subfield>
    <subfield code="1">0</subfield>
    <subfield code="4">0</subfield>
    <subfield code="7">0</subfield>
    <subfield code="a">BCEJYS</subfield>
    <subfield code="b">BCEJYS</subfield>
    <subfield code="c">17</subfield>
    <subfield code="d">2017-10-01</subfield>
    <subfield code="h">A&#xF1;o 11, N&#xBA; 128 - oct. 2017</subfield>
    <subfield code="l">0</subfield>
    <subfield code="o">H336.22 CON 128</subfield>
    <subfield code="p">R21458</subfield>
    <subfield code="r">2026-04-10 16:06:03</subfield>
    <subfield code="w">2026-04-10</subfield>
    <subfield code="y">RN</subfield>
  </datafield>
  <datafield tag="952" ind1=" " ind2=" ">
    <subfield code="0">0</subfield>
    <subfield code="1">0</subfield>
    <subfield code="4">0</subfield>
    <subfield code="7">0</subfield>
    <subfield code="a">BCEJYS</subfield>
    <subfield code="b">BCEJYS</subfield>
    <subfield code="c">17</subfield>
    <subfield code="d">2017-09-01</subfield>
    <subfield code="h">A&#xF1;o 11, N&#xBA; 127 - sep. 2017</subfield>
    <subfield code="l">0</subfield>
    <subfield code="o">H336.22 CON 127</subfield>
    <subfield code="p">R21401</subfield>
    <subfield code="r">2026-04-10 16:06:03</subfield>
    <subfield code="w">2026-04-10</subfield>
    <subfield code="y">RN</subfield>
  </datafield>
  <datafield tag="952" ind1=" " ind2=" ">
    <subfield code="0">0</subfield>
    <subfield code="1">0</subfield>
    <subfield code="4">0</subfield>
    <subfield code="7">0</subfield>
    <subfield code="a">BCEJYS</subfield>
    <subfield code="b">BCEJYS</subfield>
    <subfield code="c">17</subfield>
    <subfield code="d">2017-08-01</subfield>
    <subfield code="h">A&#xF1;o 11, N&#xBA; 126 - ago. 2017</subfield>
    <subfield code="l">0</subfield>
    <subfield code="o">H336.22 CON 126</subfield>
    <subfield code="p">R21276</subfield>
    <subfield code="r">2026-04-10 16:06:03</subfield>
    <subfield code="w">2026-04-10</subfield>
    <subfield code="y">RN</subfield>
  </datafield>
  <datafield tag="952" ind1=" " ind2=" ">
    <subfield code="0">0</subfield>
    <subfield code="1">0</subfield>
    <subfield code="4">0</subfield>
    <subfield code="7">0</subfield>
    <subfield code="a">BCEJYS</subfield>
    <subfield code="b">BCEJYS</subfield>
    <subfield code="c">17</subfield>
    <subfield code="d">2017-07-01</subfield>
    <subfield code="h">A&#xF1;o 11, N&#xBA; 125 - jul. 2017</subfield>
    <subfield code="l">0</subfield>
    <subfield code="o">H336.22 CON 125</subfield>
    <subfield code="p">R21056</subfield>
    <subfield code="r">2026-04-10 16:06:03</subfield>
    <subfield code="w">2026-04-10</subfield>
    <subfield code="y">RN</subfield>
  </datafield>
  <datafield tag="952" ind1=" " ind2=" ">
    <subfield code="0">0</subfield>
    <subfield code="1">0</subfield>
    <subfield code="4">0</subfield>
    <subfield code="7">0</subfield>
    <subfield code="a">BCEJYS</subfield>
    <subfield code="b">BCEJYS</subfield>
    <subfield code="c">17</subfield>
    <subfield code="d">2017-06-01</subfield>
    <subfield code="h">A&#xF1;o 11, N&#xBA; 124 - jun. 2017</subfield>
    <subfield code="l">0</subfield>
    <subfield code="o">H336.22 CON 124</subfield>
    <subfield code="p">R20782</subfield>
    <subfield code="r">2026-04-10 16:06:03</subfield>
    <subfield code="w">2026-04-10</subfield>
    <subfield code="y">RN</subfield>
  </datafield>
  <datafield tag="952" ind1=" " ind2=" ">
    <subfield code="0">0</subfield>
    <subfield code="1">0</subfield>
    <subfield code="4">0</subfield>
    <subfield code="7">0</subfield>
    <subfield code="a">BCEJYS</subfield>
    <subfield code="b">BCEJYS</subfield>
    <subfield code="c">17</subfield>
    <subfield code="d">2017-05-01</subfield>
    <subfield code="h">A&#xF1;o 11, N&#xBA; 123 - mayo 2017</subfield>
    <subfield code="l">0</subfield>
    <subfield code="o">H336.22 CON 123</subfield>
    <subfield code="p">R20754</subfield>
    <subfield code="r">2026-04-10 16:06:03</subfield>
    <subfield code="w">2026-04-10</subfield>
    <subfield code="y">RN</subfield>
  </datafield>
  <datafield tag="952" ind1=" " ind2=" ">
    <subfield code="0">0</subfield>
    <subfield code="1">0</subfield>
    <subfield code="4">0</subfield>
    <subfield code="7">0</subfield>
    <subfield code="a">BCEJYS</subfield>
    <subfield code="b">BCEJYS</subfield>
    <subfield code="c">17</subfield>
    <subfield code="d">2017-04-01</subfield>
    <subfield code="h">A&#xF1;o 11, N&#xBA; 122 - abr. 2017</subfield>
    <subfield code="l">0</subfield>
    <subfield code="o">H336.22 CON 122</subfield>
    <subfield code="p">R20726</subfield>
    <subfield code="r">2026-04-10 16:06:03</subfield>
    <subfield code="w">2026-04-10</subfield>
    <subfield code="y">RN</subfield>
  </datafield>
  <datafield tag="952" ind1=" " ind2=" ">
    <subfield code="0">0</subfield>
    <subfield code="1">0</subfield>
    <subfield code="4">0</subfield>
    <subfield code="7">0</subfield>
    <subfield code="a">BCEJYS</subfield>
    <subfield code="b">BCEJYS</subfield>
    <subfield code="c">17</subfield>
    <subfield code="d">2017-03-01</subfield>
    <subfield code="h">A&#xF1;o 11, N&#xBA; 121 - mar. 2017</subfield>
    <subfield code="l">0</subfield>
    <subfield code="o">H336.22 CON 121</subfield>
    <subfield code="p">R20700</subfield>
    <subfield code="r">2026-04-10 16:06:03</subfield>
    <subfield code="w">2026-04-10</subfield>
    <subfield code="y">RN</subfield>
  </datafield>
  <datafield tag="952" ind1=" " ind2=" ">
    <subfield code="0">0</subfield>
    <subfield code="1">0</subfield>
    <subfield code="4">0</subfield>
    <subfield code="7">0</subfield>
    <subfield code="a">BCEJYS</subfield>
    <subfield code="b">BCEJYS</subfield>
    <subfield code="c">17</subfield>
    <subfield code="d">2017-02-01</subfield>
    <subfield code="h">A&#xF1;o 11, N&#xBA; 120 - feb. 2017</subfield>
    <subfield code="l">0</subfield>
    <subfield code="o">H336.22 CON 120</subfield>
    <subfield code="p">R20683</subfield>
    <subfield code="r">2026-04-10 16:06:03</subfield>
    <subfield code="w">2026-04-10</subfield>
    <subfield code="y">RN</subfield>
  </datafield>
  <datafield tag="952" ind1=" " ind2=" ">
    <subfield code="0">0</subfield>
    <subfield code="1">0</subfield>
    <subfield code="4">0</subfield>
    <subfield code="7">0</subfield>
    <subfield code="a">BCEJYS</subfield>
    <subfield code="b">BCEJYS</subfield>
    <subfield code="c">17</subfield>
    <subfield code="d">2017-01-01</subfield>
    <subfield code="h">A&#xF1;o 11, N&#xBA; 119 - ene. 2017</subfield>
    <subfield code="l">0</subfield>
    <subfield code="o">H336.22 CON 119</subfield>
    <subfield code="p">R20639</subfield>
    <subfield code="r">2026-04-10 16:06:03</subfield>
    <subfield code="w">2026-04-10</subfield>
    <subfield code="y">RN</subfield>
  </datafield>
  <datafield tag="952" ind1=" " ind2=" ">
    <subfield code="0">0</subfield>
    <subfield code="1">0</subfield>
    <subfield code="4">0</subfield>
    <subfield code="7">0</subfield>
    <subfield code="a">BCEJYS</subfield>
    <subfield code="b">BCEJYS</subfield>
    <subfield code="c">17</subfield>
    <subfield code="d">2016-12-01</subfield>
    <subfield code="h">A&#xF1;o 10, N&#xBA; 118 - dic. 2016</subfield>
    <subfield code="l">0</subfield>
    <subfield code="o">H336.22 CON 118</subfield>
    <subfield code="p">R20635</subfield>
    <subfield code="r">2026-04-10 16:06:03</subfield>
    <subfield code="w">2026-04-10</subfield>
    <subfield code="y">RN</subfield>
  </datafield>
  <datafield tag="952" ind1=" " ind2=" ">
    <subfield code="0">0</subfield>
    <subfield code="1">0</subfield>
    <subfield code="4">0</subfield>
    <subfield code="7">0</subfield>
    <subfield code="a">BCEJYS</subfield>
    <subfield code="b">BCEJYS</subfield>
    <subfield code="c">17</subfield>
    <subfield code="d">2016-11-01</subfield>
    <subfield code="h">A&#xF1;o 10, N&#xBA; 117 - nov. 2016</subfield>
    <subfield code="l">0</subfield>
    <subfield code="o">H336.22 CON 117</subfield>
    <subfield code="p">R20596</subfield>
    <subfield code="r">2026-04-10 16:06:03</subfield>
    <subfield code="w">2026-04-10</subfield>
    <subfield code="y">RN</subfield>
  </datafield>
  <datafield tag="952" ind1=" " ind2=" ">
    <subfield code="0">0</subfield>
    <subfield code="1">0</subfield>
    <subfield code="4">0</subfield>
    <subfield code="7">0</subfield>
    <subfield code="a">BCEJYS</subfield>
    <subfield code="b">BCEJYS</subfield>
    <subfield code="c">17</subfield>
    <subfield code="d">2016-10-01</subfield>
    <subfield code="h">A&#xF1;o 10, N&#xBA; 116 - oct. 2016</subfield>
    <subfield code="l">0</subfield>
    <subfield code="o">H336.22 CON 116</subfield>
    <subfield code="p">R20580</subfield>
    <subfield code="r">2026-04-10 16:06:03</subfield>
    <subfield code="w">2026-04-10</subfield>
    <subfield code="y">RN</subfield>
  </datafield>
  <datafield tag="952" ind1=" " ind2=" ">
    <subfield code="0">0</subfield>
    <subfield code="1">0</subfield>
    <subfield code="4">0</subfield>
    <subfield code="7">0</subfield>
    <subfield code="a">BCEJYS</subfield>
    <subfield code="b">BCEJYS</subfield>
    <subfield code="c">17</subfield>
    <subfield code="d">2016-09-01</subfield>
    <subfield code="h">A&#xF1;o 10, N&#xBA; 115 - sep. 2016</subfield>
    <subfield code="l">0</subfield>
    <subfield code="o">H336.22 CON 115</subfield>
    <subfield code="p">R20514</subfield>
    <subfield code="r">2026-04-10 16:06:03</subfield>
    <subfield code="w">2026-04-10</subfield>
    <subfield code="y">RN</subfield>
  </datafield>
  <datafield tag="952" ind1=" " ind2=" ">
    <subfield code="0">0</subfield>
    <subfield code="1">0</subfield>
    <subfield code="4">0</subfield>
    <subfield code="7">0</subfield>
    <subfield code="a">BCEJYS</subfield>
    <subfield code="b">BCEJYS</subfield>
    <subfield code="c">17</subfield>
    <subfield code="d">2016-08-01</subfield>
    <subfield code="h">A&#xF1;o 10, N&#xBA; 114 - ago. 2016</subfield>
    <subfield code="l">0</subfield>
    <subfield code="o">H336.22 CON 114</subfield>
    <subfield code="p">R20489</subfield>
    <subfield code="r">2026-04-10 16:06:03</subfield>
    <subfield code="w">2026-04-10</subfield>
    <subfield code="y">RN</subfield>
  </datafield>
  <datafield tag="952" ind1=" " ind2=" ">
    <subfield code="0">0</subfield>
    <subfield code="1">0</subfield>
    <subfield code="4">0</subfield>
    <subfield code="7">0</subfield>
    <subfield code="a">BCEJYS</subfield>
    <subfield code="b">BCEJYS</subfield>
    <subfield code="c">17</subfield>
    <subfield code="d">2016-07-01</subfield>
    <subfield code="h">A&#xF1;o 10, N&#xBA; 113 - jul. 2016</subfield>
    <subfield code="l">0</subfield>
    <subfield code="o">H336.22 CON 113</subfield>
    <subfield code="p">R20389</subfield>
    <subfield code="r">2026-04-10 16:06:03</subfield>
    <subfield code="w">2026-04-10</subfield>
    <subfield code="y">RN</subfield>
  </datafield>
  <datafield tag="952" ind1=" " ind2=" ">
    <subfield code="0">0</subfield>
    <subfield code="1">0</subfield>
    <subfield code="4">0</subfield>
    <subfield code="7">0</subfield>
    <subfield code="a">BCEJYS</subfield>
    <subfield code="b">BCEJYS</subfield>
    <subfield code="c">17</subfield>
    <subfield code="d">2016-06-01</subfield>
    <subfield code="h">A&#xF1;o 10, N&#xBA; 112 - jun. 2016</subfield>
    <subfield code="l">0</subfield>
    <subfield code="o">H336.22 CON 112</subfield>
    <subfield code="p">R20353</subfield>
    <subfield code="r">2026-04-10 16:06:03</subfield>
    <subfield code="w">2026-04-10</subfield>
    <subfield code="y">RN</subfield>
  </datafield>
  <datafield tag="952" ind1=" " ind2=" ">
    <subfield code="0">0</subfield>
    <subfield code="1">0</subfield>
    <subfield code="4">0</subfield>
    <subfield code="7">0</subfield>
    <subfield code="a">BCEJYS</subfield>
    <subfield code="b">BCEJYS</subfield>
    <subfield code="c">17</subfield>
    <subfield code="d">2016-05-01</subfield>
    <subfield code="h">A&#xF1;o 10, N&#xBA; 111 - mayo 2016</subfield>
    <subfield code="l">0</subfield>
    <subfield code="o">H336.22 CON 111</subfield>
    <subfield code="p">R20033</subfield>
    <subfield code="r">2026-04-10 16:06:03</subfield>
    <subfield code="w">2026-04-10</subfield>
    <subfield code="y">RN</subfield>
  </datafield>
  <datafield tag="952" ind1=" " ind2=" ">
    <subfield code="0">0</subfield>
    <subfield code="1">0</subfield>
    <subfield code="4">0</subfield>
    <subfield code="7">0</subfield>
    <subfield code="a">BCEJYS</subfield>
    <subfield code="b">BCEJYS</subfield>
    <subfield code="c">17</subfield>
    <subfield code="d">2016-04-01</subfield>
    <subfield code="h">A&#xF1;o 10, N&#xBA; 110 - abr. 2016</subfield>
    <subfield code="l">0</subfield>
    <subfield code="o">H336.22 CON 110</subfield>
    <subfield code="p">R20292</subfield>
    <subfield code="r">2026-04-10 16:06:03</subfield>
    <subfield code="w">2026-04-10</subfield>
    <subfield code="y">RN</subfield>
  </datafield>
  <datafield tag="952" ind1=" " ind2=" ">
    <subfield code="0">0</subfield>
    <subfield code="1">0</subfield>
    <subfield code="4">0</subfield>
    <subfield code="7">0</subfield>
    <subfield code="a">BCEJYS</subfield>
    <subfield code="b">BCEJYS</subfield>
    <subfield code="c">17</subfield>
    <subfield code="d">2016-03-01</subfield>
    <subfield code="h">A&#xF1;o 9, N&#xBA; 109 - mar. 2016</subfield>
    <subfield code="l">0</subfield>
    <subfield code="o">H336.22 CON 109</subfield>
    <subfield code="p">R19377</subfield>
    <subfield code="r">2026-04-10 16:06:03</subfield>
    <subfield code="w">2026-04-10</subfield>
    <subfield code="y">RN</subfield>
  </datafield>
  <datafield tag="952" ind1=" " ind2=" ">
    <subfield code="0">0</subfield>
    <subfield code="1">0</subfield>
    <subfield code="4">0</subfield>
    <subfield code="7">0</subfield>
    <subfield code="a">BCEJYS</subfield>
    <subfield code="b">BCEJYS</subfield>
    <subfield code="c">17</subfield>
    <subfield code="d">2016-02-01</subfield>
    <subfield code="h">A&#xF1;o 9, N&#xBA; 108 - feb. 2016</subfield>
    <subfield code="l">0</subfield>
    <subfield code="o">H336.22 CON 108</subfield>
    <subfield code="p">R19376</subfield>
    <subfield code="r">2026-04-10 16:06:03</subfield>
    <subfield code="w">2026-04-10</subfield>
    <subfield code="y">RN</subfield>
  </datafield>
  <datafield tag="952" ind1=" " ind2=" ">
    <subfield code="0">0</subfield>
    <subfield code="1">0</subfield>
    <subfield code="4">0</subfield>
    <subfield code="7">0</subfield>
    <subfield code="a">BCEJYS</subfield>
    <subfield code="b">BCEJYS</subfield>
    <subfield code="c">17</subfield>
    <subfield code="d">2016-01-01</subfield>
    <subfield code="h">A&#xF1;o 9, N&#xBA; 107 - ene. 2016</subfield>
    <subfield code="l">0</subfield>
    <subfield code="o">H336.22 CON 107</subfield>
    <subfield code="p">R17939</subfield>
    <subfield code="r">2026-04-10 16:06:03</subfield>
    <subfield code="w">2026-04-10</subfield>
    <subfield code="y">RN</subfield>
  </datafield>
  <datafield tag="952" ind1=" " ind2=" ">
    <subfield code="0">0</subfield>
    <subfield code="1">0</subfield>
    <subfield code="4">0</subfield>
    <subfield code="7">0</subfield>
    <subfield code="a">BCEJYS</subfield>
    <subfield code="b">BCEJYS</subfield>
    <subfield code="c">17</subfield>
    <subfield code="d">2015-12-01</subfield>
    <subfield code="h">A&#xF1;o 9, N&#xBA; 106 - dic. 2015</subfield>
    <subfield code="l">0</subfield>
    <subfield code="o">H336.22 CON 106</subfield>
    <subfield code="p">R17774</subfield>
    <subfield code="r">2026-04-10 16:06:03</subfield>
    <subfield code="w">2026-04-10</subfield>
    <subfield code="y">RN</subfield>
  </datafield>
  <datafield tag="952" ind1=" " ind2=" ">
    <subfield code="0">0</subfield>
    <subfield code="1">0</subfield>
    <subfield code="4">0</subfield>
    <subfield code="7">0</subfield>
    <subfield code="a">BCEJYS</subfield>
    <subfield code="b">BCEJYS</subfield>
    <subfield code="c">17</subfield>
    <subfield code="d">2015-11-01</subfield>
    <subfield code="h">A&#xF1;o 9, N&#xBA; 105 - nov. 2015</subfield>
    <subfield code="l">0</subfield>
    <subfield code="o">H336.22 CON 105</subfield>
    <subfield code="p">R17693</subfield>
    <subfield code="r">2026-04-10 16:06:03</subfield>
    <subfield code="w">2026-04-10</subfield>
    <subfield code="y">RN</subfield>
  </datafield>
  <datafield tag="952" ind1=" " ind2=" ">
    <subfield code="0">0</subfield>
    <subfield code="1">0</subfield>
    <subfield code="4">0</subfield>
    <subfield code="7">0</subfield>
    <subfield code="a">BCEJYS</subfield>
    <subfield code="b">BCEJYS</subfield>
    <subfield code="c">17</subfield>
    <subfield code="d">2015-10-01</subfield>
    <subfield code="h">A&#xF1;o 9, N&#xBA; 104 - oct. 2015</subfield>
    <subfield code="l">0</subfield>
    <subfield code="o">H336.22 CON 104</subfield>
    <subfield code="p">R17407</subfield>
    <subfield code="r">2026-04-10 16:06:03</subfield>
    <subfield code="w">2026-04-10</subfield>
    <subfield code="y">RN</subfield>
  </datafield>
  <datafield tag="952" ind1=" " ind2=" ">
    <subfield code="0">0</subfield>
    <subfield code="1">0</subfield>
    <subfield code="4">0</subfield>
    <subfield code="7">0</subfield>
    <subfield code="a">BCEJYS</subfield>
    <subfield code="b">BCEJYS</subfield>
    <subfield code="c">17</subfield>
    <subfield code="d">2015-09-01</subfield>
    <subfield code="h">A&#xF1;o 9, N&#xBA; 103 - sep. 2015</subfield>
    <subfield code="l">0</subfield>
    <subfield code="o">H336.22 CON 103</subfield>
    <subfield code="p">R16403</subfield>
    <subfield code="r">2026-04-10 16:06:03</subfield>
    <subfield code="w">2026-04-10</subfield>
    <subfield code="y">RN</subfield>
  </datafield>
  <datafield tag="952" ind1=" " ind2=" ">
    <subfield code="0">0</subfield>
    <subfield code="1">0</subfield>
    <subfield code="4">0</subfield>
    <subfield code="7">0</subfield>
    <subfield code="a">BCEJYS</subfield>
    <subfield code="b">BCEJYS</subfield>
    <subfield code="c">17</subfield>
    <subfield code="d">2015-08-01</subfield>
    <subfield code="h">A&#xF1;o 9, N&#xBA; 102 - ago. 2015</subfield>
    <subfield code="l">0</subfield>
    <subfield code="o">H336.22 CON 102</subfield>
    <subfield code="p">R15702</subfield>
    <subfield code="r">2026-04-10 16:06:03</subfield>
    <subfield code="w">2026-04-10</subfield>
    <subfield code="y">RN</subfield>
  </datafield>
  <datafield tag="952" ind1=" " ind2=" ">
    <subfield code="0">0</subfield>
    <subfield code="1">0</subfield>
    <subfield code="4">0</subfield>
    <subfield code="7">0</subfield>
    <subfield code="a">BCEJYS</subfield>
    <subfield code="b">BCEJYS</subfield>
    <subfield code="c">17</subfield>
    <subfield code="d">2015-07-01</subfield>
    <subfield code="h">A&#xF1;o 9, N&#xBA; 101 - jul. 2015</subfield>
    <subfield code="l">0</subfield>
    <subfield code="o">H336.22 CON 101</subfield>
    <subfield code="p">R14918</subfield>
    <subfield code="r">2026-04-10 16:06:03</subfield>
    <subfield code="w">2026-04-10</subfield>
    <subfield code="y">RN</subfield>
  </datafield>
  <datafield tag="952" ind1=" " ind2=" ">
    <subfield code="0">0</subfield>
    <subfield code="1">0</subfield>
    <subfield code="4">0</subfield>
    <subfield code="7">0</subfield>
    <subfield code="a">BCEJYS</subfield>
    <subfield code="b">BCEJYS</subfield>
    <subfield code="c">17</subfield>
    <subfield code="d">2015-06-01</subfield>
    <subfield code="h">A&#xF1;o 9, N&#xBA; 100 - jun. 2015</subfield>
    <subfield code="l">0</subfield>
    <subfield code="o">H336.22 CON 100</subfield>
    <subfield code="p">R14696</subfield>
    <subfield code="r">2026-04-10 16:06:03</subfield>
    <subfield code="w">2026-04-10</subfield>
    <subfield code="y">RN</subfield>
  </datafield>
  <datafield tag="952" ind1=" " ind2=" ">
    <subfield code="0">0</subfield>
    <subfield code="1">0</subfield>
    <subfield code="4">0</subfield>
    <subfield code="7">0</subfield>
    <subfield code="a">BCEJYS</subfield>
    <subfield code="b">BCEJYS</subfield>
    <subfield code="c">17</subfield>
    <subfield code="d">2015-05-01</subfield>
    <subfield code="h">A&#xF1;o 9, N&#xBA; 99 - mayo 2015</subfield>
    <subfield code="l">0</subfield>
    <subfield code="o">H336.22 CON 99</subfield>
    <subfield code="p">R14349</subfield>
    <subfield code="r">2026-04-10 16:06:03</subfield>
    <subfield code="w">2026-04-10</subfield>
    <subfield code="y">RN</subfield>
  </datafield>
  <datafield tag="952" ind1=" " ind2=" ">
    <subfield code="0">0</subfield>
    <subfield code="1">0</subfield>
    <subfield code="4">0</subfield>
    <subfield code="7">0</subfield>
    <subfield code="a">BCEJYS</subfield>
    <subfield code="b">BCEJYS</subfield>
    <subfield code="c">17</subfield>
    <subfield code="d">2015-04-01</subfield>
    <subfield code="h">A&#xF1;o 9, N&#xBA; 98 - abr. 2015</subfield>
    <subfield code="l">0</subfield>
    <subfield code="o">H336.22 CON 98</subfield>
    <subfield code="p">R14147</subfield>
    <subfield code="r">2026-04-10 16:06:03</subfield>
    <subfield code="w">2026-04-10</subfield>
    <subfield code="y">RN</subfield>
  </datafield>
  <datafield tag="952" ind1=" " ind2=" ">
    <subfield code="0">0</subfield>
    <subfield code="1">0</subfield>
    <subfield code="4">0</subfield>
    <subfield code="7">0</subfield>
    <subfield code="a">BCEJYS</subfield>
    <subfield code="b">BCEJYS</subfield>
    <subfield code="c">16</subfield>
    <subfield code="d">2015-03-01</subfield>
    <subfield code="h">A&#xF1;o 9, N&#xBA; 97 - mar. 2015</subfield>
    <subfield code="l">0</subfield>
    <subfield code="o">H336.22 CON 97</subfield>
    <subfield code="p">R13790</subfield>
    <subfield code="r">2026-04-10 16:06:03</subfield>
    <subfield code="w">2026-04-10</subfield>
    <subfield code="y">RN</subfield>
  </datafield>
  <datafield tag="952" ind1=" " ind2=" ">
    <subfield code="0">0</subfield>
    <subfield code="1">0</subfield>
    <subfield code="4">0</subfield>
    <subfield code="7">0</subfield>
    <subfield code="a">BCEJYS</subfield>
    <subfield code="b">BCEJYS</subfield>
    <subfield code="c">16</subfield>
    <subfield code="d">2015-02-01</subfield>
    <subfield code="h">A&#xF1;o 8, N&#xBA; 96 - feb. 2015</subfield>
    <subfield code="l">0</subfield>
    <subfield code="o">H336.22 CON 96</subfield>
    <subfield code="p">R13603</subfield>
    <subfield code="r">2026-04-10 16:06:03</subfield>
    <subfield code="w">2026-04-10</subfield>
    <subfield code="y">RN</subfield>
  </datafield>
  <datafield tag="952" ind1=" " ind2=" ">
    <subfield code="0">0</subfield>
    <subfield code="1">0</subfield>
    <subfield code="4">0</subfield>
    <subfield code="7">0</subfield>
    <subfield code="a">BCEJYS</subfield>
    <subfield code="b">BCEJYS</subfield>
    <subfield code="c">17</subfield>
    <subfield code="d">2015-01-01</subfield>
    <subfield code="h">A&#xF1;o 8, N&#xBA; 95 - ene. 2015</subfield>
    <subfield code="l">0</subfield>
    <subfield code="o">H336.22 CON 95</subfield>
    <subfield code="p">R13416</subfield>
    <subfield code="r">2026-04-10 16:06:03</subfield>
    <subfield code="w">2026-04-10</subfield>
    <subfield code="y">RN</subfield>
  </datafield>
  <datafield tag="952" ind1=" " ind2=" ">
    <subfield code="0">0</subfield>
    <subfield code="1">0</subfield>
    <subfield code="4">0</subfield>
    <subfield code="7">0</subfield>
    <subfield code="a">BCEJYS</subfield>
    <subfield code="b">BCEJYS</subfield>
    <subfield code="c">17</subfield>
    <subfield code="d">2014-12-01</subfield>
    <subfield code="h">A&#xF1;o 8, N&#xBA; 94 - dic. 2014</subfield>
    <subfield code="l">0</subfield>
    <subfield code="o">H336.22 CON 94</subfield>
    <subfield code="p">R13415</subfield>
    <subfield code="r">2026-04-10 16:06:03</subfield>
    <subfield code="w">2026-04-10</subfield>
    <subfield code="y">RN</subfield>
  </datafield>
  <datafield tag="952" ind1=" " ind2=" ">
    <subfield code="0">0</subfield>
    <subfield code="1">0</subfield>
    <subfield code="4">0</subfield>
    <subfield code="7">0</subfield>
    <subfield code="a">BCEJYS</subfield>
    <subfield code="b">BCEJYS</subfield>
    <subfield code="c">17</subfield>
    <subfield code="d">2014-11-01</subfield>
    <subfield code="h">A&#xF1;o 8, N&#xBA; 93 - nov. 2014</subfield>
    <subfield code="l">0</subfield>
    <subfield code="o">H336.22 CON 93</subfield>
    <subfield code="p">R13289</subfield>
    <subfield code="r">2026-04-10 16:06:03</subfield>
    <subfield code="w">2026-04-10</subfield>
    <subfield code="y">RN</subfield>
  </datafield>
  <datafield tag="952" ind1=" " ind2=" ">
    <subfield code="0">0</subfield>
    <subfield code="1">0</subfield>
    <subfield code="4">0</subfield>
    <subfield code="7">0</subfield>
    <subfield code="a">BCEJYS</subfield>
    <subfield code="b">BCEJYS</subfield>
    <subfield code="c">17</subfield>
    <subfield code="d">2014-10-01</subfield>
    <subfield code="h">A&#xF1;o 8, N&#xBA; 92 - oct. 2014</subfield>
    <subfield code="l">0</subfield>
    <subfield code="o">H336.22 CON 92</subfield>
    <subfield code="p">R13095</subfield>
    <subfield code="r">2026-04-10 16:06:03</subfield>
    <subfield code="w">2026-04-10</subfield>
    <subfield code="y">RN</subfield>
  </datafield>
  <datafield tag="952" ind1=" " ind2=" ">
    <subfield code="0">0</subfield>
    <subfield code="1">0</subfield>
    <subfield code="4">0</subfield>
    <subfield code="7">0</subfield>
    <subfield code="a">BCEJYS</subfield>
    <subfield code="b">BCEJYS</subfield>
    <subfield code="c">17</subfield>
    <subfield code="d">2014-09-01</subfield>
    <subfield code="h">A&#xF1;o 8, N&#xBA; 91 - sep. 2014</subfield>
    <subfield code="l">0</subfield>
    <subfield code="o">H336.22 CON 91</subfield>
    <subfield code="p">R12481</subfield>
    <subfield code="r">2026-04-10 16:06:03</subfield>
    <subfield code="w">2026-04-10</subfield>
    <subfield code="y">RN</subfield>
  </datafield>
  <datafield tag="952" ind1=" " ind2=" ">
    <subfield code="0">0</subfield>
    <subfield code="1">0</subfield>
    <subfield code="4">0</subfield>
    <subfield code="7">0</subfield>
    <subfield code="a">BCEJYS</subfield>
    <subfield code="b">BCEJYS</subfield>
    <subfield code="c">17</subfield>
    <subfield code="d">2014-08-01</subfield>
    <subfield code="h">A&#xF1;o 8, N&#xBA; 90 - ago. 2014</subfield>
    <subfield code="l">0</subfield>
    <subfield code="o">H336.22 CON 90</subfield>
    <subfield code="p">R12141</subfield>
    <subfield code="r">2026-04-10 16:06:03</subfield>
    <subfield code="w">2026-04-10</subfield>
    <subfield code="y">RN</subfield>
  </datafield>
  <datafield tag="952" ind1=" " ind2=" ">
    <subfield code="0">0</subfield>
    <subfield code="1">0</subfield>
    <subfield code="4">0</subfield>
    <subfield code="7">0</subfield>
    <subfield code="a">BCEJYS</subfield>
    <subfield code="b">BCEJYS</subfield>
    <subfield code="c">17</subfield>
    <subfield code="d">2014-07-01</subfield>
    <subfield code="h">A&#xF1;o 8, N&#xBA; 89 - jul. 2014</subfield>
    <subfield code="l">0</subfield>
    <subfield code="o">H336.22 CON 89</subfield>
    <subfield code="p">R11933</subfield>
    <subfield code="r">2026-04-10 16:06:04</subfield>
    <subfield code="w">2026-04-10</subfield>
    <subfield code="y">RN</subfield>
  </datafield>
  <datafield tag="952" ind1=" " ind2=" ">
    <subfield code="0">0</subfield>
    <subfield code="1">0</subfield>
    <subfield code="4">0</subfield>
    <subfield code="7">0</subfield>
    <subfield code="a">BCEJYS</subfield>
    <subfield code="b">BCEJYS</subfield>
    <subfield code="c">17</subfield>
    <subfield code="d">2014-06-01</subfield>
    <subfield code="h">A&#xF1;o 8, N&#xBA; 88 - jun. 2014</subfield>
    <subfield code="l">0</subfield>
    <subfield code="o">H336.22 CON 88</subfield>
    <subfield code="p">R11539</subfield>
    <subfield code="r">2026-04-10 16:06:04</subfield>
    <subfield code="w">2026-04-10</subfield>
    <subfield code="y">RN</subfield>
  </datafield>
  <datafield tag="952" ind1=" " ind2=" ">
    <subfield code="0">0</subfield>
    <subfield code="1">0</subfield>
    <subfield code="4">0</subfield>
    <subfield code="7">0</subfield>
    <subfield code="a">BCEJYS</subfield>
    <subfield code="b">BCEJYS</subfield>
    <subfield code="c">17</subfield>
    <subfield code="d">2014-05-01</subfield>
    <subfield code="h">A&#xF1;o 8, N&#xBA; 87 - mayo 2014</subfield>
    <subfield code="l">0</subfield>
    <subfield code="o">H336.22 CON 87</subfield>
    <subfield code="p">R11538</subfield>
    <subfield code="r">2026-04-10 16:06:04</subfield>
    <subfield code="w">2026-04-10</subfield>
    <subfield code="y">RN</subfield>
  </datafield>
  <datafield tag="952" ind1=" " ind2=" ">
    <subfield code="0">0</subfield>
    <subfield code="1">0</subfield>
    <subfield code="4">0</subfield>
    <subfield code="7">0</subfield>
    <subfield code="a">BCEJYS</subfield>
    <subfield code="b">BCEJYS</subfield>
    <subfield code="c">17</subfield>
    <subfield code="d">2014-04-01</subfield>
    <subfield code="h">A&#xF1;o 8, N&#xBA; 86 - abr. 2014</subfield>
    <subfield code="l">0</subfield>
    <subfield code="o">H336.22 CON 86</subfield>
    <subfield code="p">R11069</subfield>
    <subfield code="r">2026-04-10 16:06:04</subfield>
    <subfield code="w">2026-04-10</subfield>
    <subfield code="y">RN</subfield>
  </datafield>
  <datafield tag="952" ind1=" " ind2=" ">
    <subfield code="0">0</subfield>
    <subfield code="1">0</subfield>
    <subfield code="4">0</subfield>
    <subfield code="7">0</subfield>
    <subfield code="a">BCEJYS</subfield>
    <subfield code="b">BCEJYS</subfield>
    <subfield code="c">17</subfield>
    <subfield code="d">2014-03-01</subfield>
    <subfield code="h">A&#xF1;o 8, N&#xBA; 85 - mar. 2014</subfield>
    <subfield code="l">0</subfield>
    <subfield code="o">H336.22 CON 85</subfield>
    <subfield code="p">R10578</subfield>
    <subfield code="r">2026-04-10 16:06:04</subfield>
    <subfield code="w">2026-04-10</subfield>
    <subfield code="y">RN</subfield>
  </datafield>
  <datafield tag="952" ind1=" " ind2=" ">
    <subfield code="0">0</subfield>
    <subfield code="1">0</subfield>
    <subfield code="4">0</subfield>
    <subfield code="7">0</subfield>
    <subfield code="a">BCEJYS</subfield>
    <subfield code="b">BCEJYS</subfield>
    <subfield code="c">17</subfield>
    <subfield code="d">2014-02-01</subfield>
    <subfield code="h">A&#xF1;o 7, N&#xBA; 84 - feb. 2014</subfield>
    <subfield code="l">0</subfield>
    <subfield code="o">H336.22 CON 84</subfield>
    <subfield code="p">R10569</subfield>
    <subfield code="r">2026-04-10 16:06:04</subfield>
    <subfield code="w">2026-04-10</subfield>
    <subfield code="y">RN</subfield>
  </datafield>
  <datafield tag="952" ind1=" " ind2=" ">
    <subfield code="0">0</subfield>
    <subfield code="1">0</subfield>
    <subfield code="4">0</subfield>
    <subfield code="7">0</subfield>
    <subfield code="a">BCEJYS</subfield>
    <subfield code="b">BCEJYS</subfield>
    <subfield code="c">17</subfield>
    <subfield code="d">2014-01-01</subfield>
    <subfield code="h">A&#xF1;o 7, N&#xBA; 83 - ene. 2014</subfield>
    <subfield code="l">0</subfield>
    <subfield code="o">H336.22 CON 83</subfield>
    <subfield code="p">R10246</subfield>
    <subfield code="r">2026-04-10 16:06:04</subfield>
    <subfield code="w">2026-04-10</subfield>
    <subfield code="y">RN</subfield>
  </datafield>
  <datafield tag="952" ind1=" " ind2=" ">
    <subfield code="0">0</subfield>
    <subfield code="1">0</subfield>
    <subfield code="4">0</subfield>
    <subfield code="7">0</subfield>
    <subfield code="a">BCEJYS</subfield>
    <subfield code="b">BCEJYS</subfield>
    <subfield code="c">17</subfield>
    <subfield code="d">2013-12-01</subfield>
    <subfield code="h">A&#xF1;o 7, N&#xBA; 82 - dic. 2013</subfield>
    <subfield code="l">0</subfield>
    <subfield code="o">H336.22 CON 82</subfield>
    <subfield code="p">R10214</subfield>
    <subfield code="r">2026-04-10 16:06:04</subfield>
    <subfield code="w">2026-04-10</subfield>
    <subfield code="y">RN</subfield>
  </datafield>
  <datafield tag="952" ind1=" " ind2=" ">
    <subfield code="0">0</subfield>
    <subfield code="1">0</subfield>
    <subfield code="4">0</subfield>
    <subfield code="7">0</subfield>
    <subfield code="a">BCEJYS</subfield>
    <subfield code="b">BCEJYS</subfield>
    <subfield code="c">17</subfield>
    <subfield code="d">2013-11-01</subfield>
    <subfield code="h">A&#xF1;o 7, N&#xBA; 81 - nov. 2013</subfield>
    <subfield code="l">0</subfield>
    <subfield code="o">H336.22 CON 81</subfield>
    <subfield code="p">R10212</subfield>
    <subfield code="r">2026-04-10 16:06:04</subfield>
    <subfield code="w">2026-04-10</subfield>
    <subfield code="y">RN</subfield>
  </datafield>
  <datafield tag="952" ind1=" " ind2=" ">
    <subfield code="0">0</subfield>
    <subfield code="1">0</subfield>
    <subfield code="4">0</subfield>
    <subfield code="7">0</subfield>
    <subfield code="a">BCEJYS</subfield>
    <subfield code="b">BCEJYS</subfield>
    <subfield code="c">17</subfield>
    <subfield code="d">2013-10-01</subfield>
    <subfield code="h">A&#xF1;o 7, N&#xBA; 80 - oct. 2013</subfield>
    <subfield code="l">0</subfield>
    <subfield code="o">H336.22 CON 80</subfield>
    <subfield code="p">R09452</subfield>
    <subfield code="r">2026-04-10 16:06:04</subfield>
    <subfield code="w">2026-04-10</subfield>
    <subfield code="y">RN</subfield>
  </datafield>
  <datafield tag="952" ind1=" " ind2=" ">
    <subfield code="0">0</subfield>
    <subfield code="1">0</subfield>
    <subfield code="4">0</subfield>
    <subfield code="7">0</subfield>
    <subfield code="a">BCEJYS</subfield>
    <subfield code="b">BCEJYS</subfield>
    <subfield code="c">17</subfield>
    <subfield code="d">2013-09-01</subfield>
    <subfield code="h">A&#xF1;o 7, N&#xBA; 79 - sep. 2013</subfield>
    <subfield code="l">0</subfield>
    <subfield code="o">H336.22 CON 79</subfield>
    <subfield code="p">R08890</subfield>
    <subfield code="r">2026-04-10 16:06:04</subfield>
    <subfield code="w">2026-04-10</subfield>
    <subfield code="y">RN</subfield>
  </datafield>
  <datafield tag="952" ind1=" " ind2=" ">
    <subfield code="0">0</subfield>
    <subfield code="1">0</subfield>
    <subfield code="4">0</subfield>
    <subfield code="7">0</subfield>
    <subfield code="a">BCEJYS</subfield>
    <subfield code="b">BCEJYS</subfield>
    <subfield code="c">17</subfield>
    <subfield code="d">2013-08-01</subfield>
    <subfield code="h">A&#xF1;o 7, N&#xBA; 78 - ago. 2013</subfield>
    <subfield code="l">0</subfield>
    <subfield code="o">H336.22 CON 78</subfield>
    <subfield code="p">R08419</subfield>
    <subfield code="r">2026-04-10 16:06:04</subfield>
    <subfield code="w">2026-04-10</subfield>
    <subfield code="y">RN</subfield>
  </datafield>
  <datafield tag="952" ind1=" " ind2=" ">
    <subfield code="0">0</subfield>
    <subfield code="1">0</subfield>
    <subfield code="4">0</subfield>
    <subfield code="7">0</subfield>
    <subfield code="a">BCEJYS</subfield>
    <subfield code="b">BCEJYS</subfield>
    <subfield code="c">17</subfield>
    <subfield code="d">2013-07-01</subfield>
    <subfield code="h">A&#xF1;o 7, N&#xBA; 77 - jul. 2013</subfield>
    <subfield code="l">0</subfield>
    <subfield code="o">H336.22 CON 77</subfield>
    <subfield code="p">R08362</subfield>
    <subfield code="r">2026-04-10 16:06:04</subfield>
    <subfield code="w">2026-04-10</subfield>
    <subfield code="y">RN</subfield>
  </datafield>
  <datafield tag="952" ind1=" " ind2=" ">
    <subfield code="0">0</subfield>
    <subfield code="1">0</subfield>
    <subfield code="4">0</subfield>
    <subfield code="7">0</subfield>
    <subfield code="a">BCEJYS</subfield>
    <subfield code="b">BCEJYS</subfield>
    <subfield code="c">17</subfield>
    <subfield code="d">2013-06-01</subfield>
    <subfield code="h">A&#xF1;o 7, N&#xBA; 76 - jun. 2013</subfield>
    <subfield code="l">0</subfield>
    <subfield code="o">H336.22 CON 76</subfield>
    <subfield code="p">R08228</subfield>
    <subfield code="r">2026-04-10 16:06:04</subfield>
    <subfield code="w">2026-04-10</subfield>
    <subfield code="y">RN</subfield>
  </datafield>
  <datafield tag="952" ind1=" " ind2=" ">
    <subfield code="0">0</subfield>
    <subfield code="1">0</subfield>
    <subfield code="4">0</subfield>
    <subfield code="7">0</subfield>
    <subfield code="a">BCEJYS</subfield>
    <subfield code="b">BCEJYS</subfield>
    <subfield code="c">17</subfield>
    <subfield code="d">2013-05-01</subfield>
    <subfield code="h">A&#xF1;o 7, N&#xBA; 75 - mayo 2013</subfield>
    <subfield code="l">0</subfield>
    <subfield code="o">H336.22 CON 75</subfield>
    <subfield code="p">R08132</subfield>
    <subfield code="r">2026-04-10 16:06:04</subfield>
    <subfield code="w">2026-04-10</subfield>
    <subfield code="y">RN</subfield>
  </datafield>
  <datafield tag="952" ind1=" " ind2=" ">
    <subfield code="0">0</subfield>
    <subfield code="1">0</subfield>
    <subfield code="4">0</subfield>
    <subfield code="7">0</subfield>
    <subfield code="a">BCEJYS</subfield>
    <subfield code="b">BCEJYS</subfield>
    <subfield code="c">17</subfield>
    <subfield code="d">2013-04-01</subfield>
    <subfield code="h">A&#xF1;o 7, N&#xBA; 74 - abr. 2013</subfield>
    <subfield code="l">0</subfield>
    <subfield code="o">H336.22 CON 74</subfield>
    <subfield code="p">R07801</subfield>
    <subfield code="r">2026-04-10 16:06:04</subfield>
    <subfield code="w">2026-04-10</subfield>
    <subfield code="y">RN</subfield>
  </datafield>
  <datafield tag="952" ind1=" " ind2=" ">
    <subfield code="0">0</subfield>
    <subfield code="1">0</subfield>
    <subfield code="4">0</subfield>
    <subfield code="7">0</subfield>
    <subfield code="a">BCEJYS</subfield>
    <subfield code="b">BCEJYS</subfield>
    <subfield code="c">17</subfield>
    <subfield code="d">2013-02-01</subfield>
    <subfield code="h">A&#xF1;o 7, N&#xBA; 73 - mar. 2013</subfield>
    <subfield code="l">0</subfield>
    <subfield code="o">H336.22 CON 73</subfield>
    <subfield code="p">R06766</subfield>
    <subfield code="r">2026-04-10 16:06:04</subfield>
    <subfield code="w">2026-04-10</subfield>
    <subfield code="y">RN</subfield>
  </datafield>
  <datafield tag="952" ind1=" " ind2=" ">
    <subfield code="0">0</subfield>
    <subfield code="1">0</subfield>
    <subfield code="4">0</subfield>
    <subfield code="7">0</subfield>
    <subfield code="a">BCEJYS</subfield>
    <subfield code="b">BCEJYS</subfield>
    <subfield code="c">17</subfield>
    <subfield code="d">2013-02-01</subfield>
    <subfield code="h">A&#xF1;o 6, N&#xBA; 72 - feb. 2013</subfield>
    <subfield code="l">0</subfield>
    <subfield code="o">H336.22 CON 72</subfield>
    <subfield code="p">R06302</subfield>
    <subfield code="r">2026-04-10 16:06:04</subfield>
    <subfield code="w">2026-04-10</subfield>
    <subfield code="y">RN</subfield>
  </datafield>
  <datafield tag="952" ind1=" " ind2=" ">
    <subfield code="0">0</subfield>
    <subfield code="1">0</subfield>
    <subfield code="4">0</subfield>
    <subfield code="7">0</subfield>
    <subfield code="a">BCEJYS</subfield>
    <subfield code="b">BCEJYS</subfield>
    <subfield code="c">17</subfield>
    <subfield code="d">2013-01-01</subfield>
    <subfield code="h">A&#xF1;o 6, N&#xBA; 71 - ene. 2013</subfield>
    <subfield code="l">0</subfield>
    <subfield code="o">H336.22 CON 71</subfield>
    <subfield code="p">R05984</subfield>
    <subfield code="r">2026-04-10 16:06:04</subfield>
    <subfield code="w">2026-04-10</subfield>
    <subfield code="y">RN</subfield>
  </datafield>
  <datafield tag="952" ind1=" " ind2=" ">
    <subfield code="0">0</subfield>
    <subfield code="1">0</subfield>
    <subfield code="4">0</subfield>
    <subfield code="7">0</subfield>
    <subfield code="a">BCEJYS</subfield>
    <subfield code="b">BCEJYS</subfield>
    <subfield code="c">17</subfield>
    <subfield code="d">2012-12-01</subfield>
    <subfield code="h">A&#xF1;o 6, N&#xBA; 70 - dic. 2012</subfield>
    <subfield code="l">0</subfield>
    <subfield code="o">H336.22 CON 70</subfield>
    <subfield code="p">R05983</subfield>
    <subfield code="r">2026-04-10 16:06:04</subfield>
    <subfield code="w">2026-04-10</subfield>
    <subfield code="y">RN</subfield>
  </datafield>
  <datafield tag="952" ind1=" " ind2=" ">
    <subfield code="0">0</subfield>
    <subfield code="1">0</subfield>
    <subfield code="4">0</subfield>
    <subfield code="7">0</subfield>
    <subfield code="a">BCEJYS</subfield>
    <subfield code="b">BCEJYS</subfield>
    <subfield code="c">17</subfield>
    <subfield code="d">2012-11-01</subfield>
    <subfield code="h">A&#xF1;o 6, N&#xBA; 69 - nov. 2012</subfield>
    <subfield code="l">0</subfield>
    <subfield code="o">H336.22 CON 69</subfield>
    <subfield code="p">R05951</subfield>
    <subfield code="r">2026-04-10 16:06:04</subfield>
    <subfield code="w">2026-04-10</subfield>
    <subfield code="y">RN</subfield>
  </datafield>
  <datafield tag="952" ind1=" " ind2=" ">
    <subfield code="0">0</subfield>
    <subfield code="1">0</subfield>
    <subfield code="4">0</subfield>
    <subfield code="7">0</subfield>
    <subfield code="a">BCEJYS</subfield>
    <subfield code="b">BCEJYS</subfield>
    <subfield code="c">17</subfield>
    <subfield code="d">2012-10-01</subfield>
    <subfield code="h">A&#xF1;o 6, N&#xBA; 68 - oct. 2012</subfield>
    <subfield code="l">0</subfield>
    <subfield code="o">H336.22 CON 68</subfield>
    <subfield code="p">R05833</subfield>
    <subfield code="r">2026-04-10 16:06:04</subfield>
    <subfield code="w">2026-04-10</subfield>
    <subfield code="y">RN</subfield>
  </datafield>
  <datafield tag="952" ind1=" " ind2=" ">
    <subfield code="0">0</subfield>
    <subfield code="1">0</subfield>
    <subfield code="4">0</subfield>
    <subfield code="7">0</subfield>
    <subfield code="a">BCEJYS</subfield>
    <subfield code="b">BCEJYS</subfield>
    <subfield code="c">17</subfield>
    <subfield code="d">2012-09-01</subfield>
    <subfield code="h">A&#xF1;o 6, N&#xBA; 67 - sep. 2012</subfield>
    <subfield code="l">0</subfield>
    <subfield code="o">H336.22 CON 67</subfield>
    <subfield code="p">R05305</subfield>
    <subfield code="r">2026-04-10 16:06:04</subfield>
    <subfield code="w">2026-04-10</subfield>
    <subfield code="y">RN</subfield>
  </datafield>
  <datafield tag="952" ind1=" " ind2=" ">
    <subfield code="0">0</subfield>
    <subfield code="1">0</subfield>
    <subfield code="4">0</subfield>
    <subfield code="7">0</subfield>
    <subfield code="a">BCEJYS</subfield>
    <subfield code="b">BCEJYS</subfield>
    <subfield code="c">17</subfield>
    <subfield code="d">2012-08-01</subfield>
    <subfield code="h">A&#xF1;o 6, N&#xBA; 66 - ago. 2012</subfield>
    <subfield code="l">0</subfield>
    <subfield code="o">H336.22 CON 66</subfield>
    <subfield code="p">R05000</subfield>
    <subfield code="r">2026-04-10 16:06:04</subfield>
    <subfield code="w">2026-04-10</subfield>
    <subfield code="y">RN</subfield>
  </datafield>
  <datafield tag="952" ind1=" " ind2=" ">
    <subfield code="0">0</subfield>
    <subfield code="1">0</subfield>
    <subfield code="4">0</subfield>
    <subfield code="7">0</subfield>
    <subfield code="a">BCEJYS</subfield>
    <subfield code="b">BCEJYS</subfield>
    <subfield code="c">17</subfield>
    <subfield code="d">2012-07-01</subfield>
    <subfield code="h">A&#xF1;o 6, N&#xBA; 65 - jul. 2012</subfield>
    <subfield code="l">0</subfield>
    <subfield code="o">H336.22 CON 65</subfield>
    <subfield code="p">R04427</subfield>
    <subfield code="r">2026-04-10 16:06:04</subfield>
    <subfield code="w">2026-04-10</subfield>
    <subfield code="y">RN</subfield>
  </datafield>
  <datafield tag="952" ind1=" " ind2=" ">
    <subfield code="0">0</subfield>
    <subfield code="1">0</subfield>
    <subfield code="4">0</subfield>
    <subfield code="7">0</subfield>
    <subfield code="a">BCEJYS</subfield>
    <subfield code="b">BCEJYS</subfield>
    <subfield code="c">17</subfield>
    <subfield code="d">2012-06-01</subfield>
    <subfield code="h">A&#xF1;o 6, N&#xBA; 64 - jun. 2012</subfield>
    <subfield code="l">0</subfield>
    <subfield code="o">H336.22 CON 64</subfield>
    <subfield code="p">R04388</subfield>
    <subfield code="r">2026-04-10 16:06:04</subfield>
    <subfield code="w">2026-04-10</subfield>
    <subfield code="y">RN</subfield>
  </datafield>
  <datafield tag="952" ind1=" " ind2=" ">
    <subfield code="0">0</subfield>
    <subfield code="1">0</subfield>
    <subfield code="4">0</subfield>
    <subfield code="7">0</subfield>
    <subfield code="a">BCEJYS</subfield>
    <subfield code="b">BCEJYS</subfield>
    <subfield code="c">17</subfield>
    <subfield code="d">2012-05-01</subfield>
    <subfield code="h">A&#xF1;o 6, N&#xBA; 63 - may. 2012</subfield>
    <subfield code="l">0</subfield>
    <subfield code="o">H336.22 CON 63</subfield>
    <subfield code="p">R04133</subfield>
    <subfield code="r">2026-04-10 16:06:04</subfield>
    <subfield code="w">2026-04-10</subfield>
    <subfield code="y">RN</subfield>
  </datafield>
  <datafield tag="952" ind1=" " ind2=" ">
    <subfield code="0">0</subfield>
    <subfield code="1">0</subfield>
    <subfield code="4">0</subfield>
    <subfield code="7">0</subfield>
    <subfield code="a">BCEJYS</subfield>
    <subfield code="b">BCEJYS</subfield>
    <subfield code="c">17</subfield>
    <subfield code="d">2012-04-01</subfield>
    <subfield code="h">A&#xF1;o 6, N&#xBA; 62 - abr. 2012</subfield>
    <subfield code="l">0</subfield>
    <subfield code="o">H336.22 CON 62</subfield>
    <subfield code="p">R03976</subfield>
    <subfield code="r">2026-04-10 16:06:04</subfield>
    <subfield code="w">2026-04-10</subfield>
    <subfield code="y">RN</subfield>
  </datafield>
  <datafield tag="952" ind1=" " ind2=" ">
    <subfield code="0">0</subfield>
    <subfield code="1">0</subfield>
    <subfield code="4">0</subfield>
    <subfield code="7">0</subfield>
    <subfield code="a">BCEJYS</subfield>
    <subfield code="b">BCEJYS</subfield>
    <subfield code="c">17</subfield>
    <subfield code="d">2012-03-01</subfield>
    <subfield code="h">A&#xF1;o 6, N&#xBA; 61 - mar. 2012</subfield>
    <subfield code="l">0</subfield>
    <subfield code="o">H336.22 CON 61</subfield>
    <subfield code="p">R03961</subfield>
    <subfield code="r">2026-04-10 16:06:04</subfield>
    <subfield code="w">2026-04-10</subfield>
    <subfield code="y">RN</subfield>
  </datafield>
  <datafield tag="952" ind1=" " ind2=" ">
    <subfield code="0">0</subfield>
    <subfield code="1">0</subfield>
    <subfield code="4">0</subfield>
    <subfield code="7">0</subfield>
    <subfield code="a">BCEJYS</subfield>
    <subfield code="b">BCEJYS</subfield>
    <subfield code="c">17</subfield>
    <subfield code="d">2012-02-01</subfield>
    <subfield code="h">A&#xF1;o 6, N&#xBA; 60 - feb. 2012</subfield>
    <subfield code="l">0</subfield>
    <subfield code="o">H336.22 CON 60</subfield>
    <subfield code="p">R03941</subfield>
    <subfield code="r">2026-04-10 16:06:04</subfield>
    <subfield code="w">2026-04-10</subfield>
    <subfield code="y">RN</subfield>
  </datafield>
  <datafield tag="952" ind1=" " ind2=" ">
    <subfield code="0">0</subfield>
    <subfield code="1">0</subfield>
    <subfield code="4">0</subfield>
    <subfield code="7">0</subfield>
    <subfield code="a">BCEJYS</subfield>
    <subfield code="b">BCEJYS</subfield>
    <subfield code="c">17</subfield>
    <subfield code="d">2012-01-01</subfield>
    <subfield code="h">A&#xF1;o 6, N&#xBA; 59 - ene. 2012</subfield>
    <subfield code="l">0</subfield>
    <subfield code="o">H336.22 CON 59.2012</subfield>
    <subfield code="p">R03505</subfield>
    <subfield code="r">2026-04-10 16:06:04</subfield>
    <subfield code="w">2026-04-10</subfield>
    <subfield code="y">RN</subfield>
  </datafield>
  <datafield tag="952" ind1=" " ind2=" ">
    <subfield code="0">0</subfield>
    <subfield code="1">0</subfield>
    <subfield code="4">0</subfield>
    <subfield code="7">0</subfield>
    <subfield code="a">BCEJYS</subfield>
    <subfield code="b">BCEJYS</subfield>
    <subfield code="c">17</subfield>
    <subfield code="d">2011-12-01</subfield>
    <subfield code="h">A&#xF1;o 5, N&#xBA; 58 - dic. 2011</subfield>
    <subfield code="l">0</subfield>
    <subfield code="o">H336.22 CON 58.2011</subfield>
    <subfield code="p">R03491</subfield>
    <subfield code="r">2026-04-10 16:06:04</subfield>
    <subfield code="w">2026-04-10</subfield>
    <subfield code="y">RN</subfield>
  </datafield>
  <datafield tag="952" ind1=" " ind2=" ">
    <subfield code="0">0</subfield>
    <subfield code="1">0</subfield>
    <subfield code="4">0</subfield>
    <subfield code="7">0</subfield>
    <subfield code="a">BCEJYS</subfield>
    <subfield code="b">BCEJYS</subfield>
    <subfield code="c">17</subfield>
    <subfield code="d">2011-11-01</subfield>
    <subfield code="h">A&#xF1;o 5, N&#xBA; 57 - nov. 2011</subfield>
    <subfield code="l">0</subfield>
    <subfield code="o">H336.22 CON 57.2011</subfield>
    <subfield code="p">R03474</subfield>
    <subfield code="r">2026-04-10 16:06:04</subfield>
    <subfield code="w">2026-04-10</subfield>
    <subfield code="y">RN</subfield>
  </datafield>
  <datafield tag="952" ind1=" " ind2=" ">
    <subfield code="0">0</subfield>
    <subfield code="1">0</subfield>
    <subfield code="4">0</subfield>
    <subfield code="7">0</subfield>
    <subfield code="a">BCEJYS</subfield>
    <subfield code="b">BCEJYS</subfield>
    <subfield code="c">17</subfield>
    <subfield code="d">2011-10-01</subfield>
    <subfield code="h">A&#xF1;o 5, N&#xBA; 56 - oct. 2011</subfield>
    <subfield code="l">0</subfield>
    <subfield code="o">H336.22 CON 56.2011</subfield>
    <subfield code="p">R03464</subfield>
    <subfield code="r">2026-04-10 16:06:04</subfield>
    <subfield code="w">2026-04-10</subfield>
    <subfield code="y">RN</subfield>
  </datafield>
  <datafield tag="952" ind1=" " ind2=" ">
    <subfield code="0">0</subfield>
    <subfield code="1">0</subfield>
    <subfield code="4">0</subfield>
    <subfield code="7">0</subfield>
    <subfield code="a">BCEJYS</subfield>
    <subfield code="b">BCEJYS</subfield>
    <subfield code="c">17</subfield>
    <subfield code="d">2011-09-01</subfield>
    <subfield code="h">A&#xF1;o 5, N&#xBA; 55 - sep. 2011</subfield>
    <subfield code="l">0</subfield>
    <subfield code="o">H336.22 CON 55.2011</subfield>
    <subfield code="p">R03366</subfield>
    <subfield code="r">2026-04-10 16:06:04</subfield>
    <subfield code="w">2026-04-10</subfield>
    <subfield code="y">RN</subfield>
  </datafield>
  <datafield tag="952" ind1=" " ind2=" ">
    <subfield code="0">0</subfield>
    <subfield code="1">0</subfield>
    <subfield code="4">0</subfield>
    <subfield code="7">0</subfield>
    <subfield code="a">BCEJYS</subfield>
    <subfield code="b">BCEJYS</subfield>
    <subfield code="c">17</subfield>
    <subfield code="d">2011-08-01</subfield>
    <subfield code="h">A&#xF1;o 5, N&#xBA; 54 - ago. 2011</subfield>
    <subfield code="l">0</subfield>
    <subfield code="o">H336.22 CON 54.2011</subfield>
    <subfield code="p">R03273</subfield>
    <subfield code="r">2026-04-10 16:06:04</subfield>
    <subfield code="w">2026-04-10</subfield>
    <subfield code="y">RN</subfield>
  </datafield>
  <datafield tag="952" ind1=" " ind2=" ">
    <subfield code="0">0</subfield>
    <subfield code="1">0</subfield>
    <subfield code="4">0</subfield>
    <subfield code="7">0</subfield>
    <subfield code="a">BCEJYS</subfield>
    <subfield code="b">BCEJYS</subfield>
    <subfield code="c">17</subfield>
    <subfield code="d">2011-07-01</subfield>
    <subfield code="h">A&#xF1;o 5, N&#xBA; 53 - jul. 2011</subfield>
    <subfield code="l">0</subfield>
    <subfield code="o">H336.22 CON 53.2011</subfield>
    <subfield code="p">R03257</subfield>
    <subfield code="r">2026-04-10 16:06:04</subfield>
    <subfield code="w">2026-04-10</subfield>
    <subfield code="y">RN</subfield>
  </datafield>
  <datafield tag="952" ind1=" " ind2=" ">
    <subfield code="0">0</subfield>
    <subfield code="1">0</subfield>
    <subfield code="4">0</subfield>
    <subfield code="7">0</subfield>
    <subfield code="a">BCEJYS</subfield>
    <subfield code="b">BCEJYS</subfield>
    <subfield code="c">17</subfield>
    <subfield code="d">2011-06-01</subfield>
    <subfield code="h">A&#xF1;o 5, N&#xBA; 52 - jun. 2011</subfield>
    <subfield code="l">0</subfield>
    <subfield code="o">H336.22 CON 52.2011</subfield>
    <subfield code="p">R03254</subfield>
    <subfield code="r">2026-04-10 16:06:04</subfield>
    <subfield code="w">2026-04-10</subfield>
    <subfield code="y">RN</subfield>
  </datafield>
  <datafield tag="952" ind1=" " ind2=" ">
    <subfield code="0">0</subfield>
    <subfield code="1">0</subfield>
    <subfield code="4">0</subfield>
    <subfield code="7">0</subfield>
    <subfield code="a">BCEJYS</subfield>
    <subfield code="b">BCEJYS</subfield>
    <subfield code="c">17</subfield>
    <subfield code="d">2011-05-01</subfield>
    <subfield code="h">A&#xF1;o 5, N&#xBA; 51 - may. 2011</subfield>
    <subfield code="l">0</subfield>
    <subfield code="o">H336.22 CON 51.2011</subfield>
    <subfield code="p">R03148</subfield>
    <subfield code="r">2026-04-10 16:06:04</subfield>
    <subfield code="w">2026-04-10</subfield>
    <subfield code="y">RN</subfield>
  </datafield>
  <datafield tag="952" ind1=" " ind2=" ">
    <subfield code="0">0</subfield>
    <subfield code="1">0</subfield>
    <subfield code="4">0</subfield>
    <subfield code="7">0</subfield>
    <subfield code="a">BCEJYS</subfield>
    <subfield code="b">BCEJYS</subfield>
    <subfield code="c">17</subfield>
    <subfield code="d">2011-04-01</subfield>
    <subfield code="h">A&#xF1;o 5, N&#xBA; 50 - abr. 2011</subfield>
    <subfield code="l">0</subfield>
    <subfield code="o">H336.22 CON 50.2011</subfield>
    <subfield code="p">R03106</subfield>
    <subfield code="r">2026-04-10 16:06:04</subfield>
    <subfield code="w">2026-04-10</subfield>
    <subfield code="y">RN</subfield>
  </datafield>
  <datafield tag="952" ind1=" " ind2=" ">
    <subfield code="0">0</subfield>
    <subfield code="1">0</subfield>
    <subfield code="4">0</subfield>
    <subfield code="7">0</subfield>
    <subfield code="a">BCEJYS</subfield>
    <subfield code="b">BCEJYS</subfield>
    <subfield code="c">17</subfield>
    <subfield code="d">2011-03-01</subfield>
    <subfield code="h">A&#xF1;o 5, N&#xBA; 49 - mar. 2011</subfield>
    <subfield code="l">0</subfield>
    <subfield code="o">H336.22 CON 49</subfield>
    <subfield code="p">R03026</subfield>
    <subfield code="r">2026-04-10 16:06:04</subfield>
    <subfield code="w">2026-04-10</subfield>
    <subfield code="y">RN</subfield>
  </datafield>
  <datafield tag="952" ind1=" " ind2=" ">
    <subfield code="0">0</subfield>
    <subfield code="1">0</subfield>
    <subfield code="4">0</subfield>
    <subfield code="7">0</subfield>
    <subfield code="a">BCEJYS</subfield>
    <subfield code="b">BCEJYS</subfield>
    <subfield code="c">17</subfield>
    <subfield code="d">2011-02-01</subfield>
    <subfield code="h">A&#xF1;o 4, N&#xBA; 48 - feb. 2011</subfield>
    <subfield code="l">0</subfield>
    <subfield code="o">H336.22 CON 48.2011</subfield>
    <subfield code="p">R03017</subfield>
    <subfield code="r">2026-04-10 16:06:04</subfield>
    <subfield code="w">2026-04-10</subfield>
    <subfield code="y">RN</subfield>
  </datafield>
  <datafield tag="952" ind1=" " ind2=" ">
    <subfield code="0">0</subfield>
    <subfield code="1">0</subfield>
    <subfield code="4">0</subfield>
    <subfield code="7">0</subfield>
    <subfield code="a">BCEJYS</subfield>
    <subfield code="b">BCEJYS</subfield>
    <subfield code="c">17</subfield>
    <subfield code="d">2011-01-01</subfield>
    <subfield code="h">A&#xF1;o 4, N&#xBA; 47 - ene. 2011</subfield>
    <subfield code="l">0</subfield>
    <subfield code="o">H336.22 CON 47.2011</subfield>
    <subfield code="p">R02750</subfield>
    <subfield code="r">2026-04-10 16:06:04</subfield>
    <subfield code="w">2026-04-10</subfield>
    <subfield code="y">RN</subfield>
  </datafield>
  <datafield tag="952" ind1=" " ind2=" ">
    <subfield code="0">0</subfield>
    <subfield code="1">0</subfield>
    <subfield code="4">0</subfield>
    <subfield code="7">0</subfield>
    <subfield code="a">BCEJYS</subfield>
    <subfield code="b">BCEJYS</subfield>
    <subfield code="c">17</subfield>
    <subfield code="d">2010-12-01</subfield>
    <subfield code="h">A&#xF1;o 4, N&#xBA; 46 - dic. 2010</subfield>
    <subfield code="l">0</subfield>
    <subfield code="o">H336.22 CON 46.2010</subfield>
    <subfield code="p">R02749</subfield>
    <subfield code="r">2026-04-10 16:06:04</subfield>
    <subfield code="w">2026-04-10</subfield>
    <subfield code="y">RN</subfield>
  </datafield>
  <datafield tag="952" ind1=" " ind2=" ">
    <subfield code="0">0</subfield>
    <subfield code="1">0</subfield>
    <subfield code="4">0</subfield>
    <subfield code="7">0</subfield>
    <subfield code="a">BCEJYS</subfield>
    <subfield code="b">BCEJYS</subfield>
    <subfield code="c">17</subfield>
    <subfield code="d">2010-11-01</subfield>
    <subfield code="h">A&#xF1;o 4, N&#xBA; 45 - nov. 2010</subfield>
    <subfield code="l">0</subfield>
    <subfield code="o">H336.22 CON 45.2010</subfield>
    <subfield code="p">R02704</subfield>
    <subfield code="r">2026-04-10 16:06:04</subfield>
    <subfield code="w">2026-04-10</subfield>
    <subfield code="y">RN</subfield>
  </datafield>
  <datafield tag="952" ind1=" " ind2=" ">
    <subfield code="0">0</subfield>
    <subfield code="1">0</subfield>
    <subfield code="4">0</subfield>
    <subfield code="7">0</subfield>
    <subfield code="a">BCEJYS</subfield>
    <subfield code="b">BCEJYS</subfield>
    <subfield code="c">17</subfield>
    <subfield code="d">2010-10-01</subfield>
    <subfield code="h">A&#xF1;o 4, N&#xBA; 44 - oct. 2010</subfield>
    <subfield code="l">0</subfield>
    <subfield code="o">H336.22 CON 44.2010</subfield>
    <subfield code="p">R02477</subfield>
    <subfield code="r">2026-04-10 16:06:04</subfield>
    <subfield code="w">2026-04-10</subfield>
    <subfield code="y">RN</subfield>
  </datafield>
  <datafield tag="952" ind1=" " ind2=" ">
    <subfield code="0">0</subfield>
    <subfield code="1">0</subfield>
    <subfield code="4">0</subfield>
    <subfield code="7">0</subfield>
    <subfield code="a">BCEJYS</subfield>
    <subfield code="b">BCEJYS</subfield>
    <subfield code="c">17</subfield>
    <subfield code="d">2010-09-01</subfield>
    <subfield code="h">Vol. 4, N&#xBA; 43 - sep. 2010</subfield>
    <subfield code="l">0</subfield>
    <subfield code="o">H336.22 CON 43.2010</subfield>
    <subfield code="p">R02470</subfield>
    <subfield code="r">2026-04-10 16:06:04</subfield>
    <subfield code="w">2026-04-10</subfield>
    <subfield code="y">RN</subfield>
  </datafield>
  <datafield tag="952" ind1=" " ind2=" ">
    <subfield code="0">0</subfield>
    <subfield code="1">0</subfield>
    <subfield code="4">0</subfield>
    <subfield code="7">0</subfield>
    <subfield code="a">BCEJYS</subfield>
    <subfield code="b">BCEJYS</subfield>
    <subfield code="c">17</subfield>
    <subfield code="d">2010-08-01</subfield>
    <subfield code="h">Vol. 4, N&#xBA; 42 - ago. 2010</subfield>
    <subfield code="l">0</subfield>
    <subfield code="o">H336.22 CON 42.2010</subfield>
    <subfield code="p">R02462</subfield>
    <subfield code="r">2026-04-10 16:06:04</subfield>
    <subfield code="w">2026-04-10</subfield>
    <subfield code="y">RN</subfield>
  </datafield>
  <datafield tag="952" ind1=" " ind2=" ">
    <subfield code="0">0</subfield>
    <subfield code="1">0</subfield>
    <subfield code="4">0</subfield>
    <subfield code="7">0</subfield>
    <subfield code="a">BCEJYS</subfield>
    <subfield code="b">BCEJYS</subfield>
    <subfield code="c">17</subfield>
    <subfield code="d">2010-07-01</subfield>
    <subfield code="h">Vol. 4, N&#xBA; 41 - jul. 2010</subfield>
    <subfield code="l">0</subfield>
    <subfield code="o">H336.22 CON 41.2010</subfield>
    <subfield code="p">R02461</subfield>
    <subfield code="r">2026-04-10 16:06:04</subfield>
    <subfield code="w">2026-04-10</subfield>
    <subfield code="y">RN</subfield>
  </datafield>
  <datafield tag="952" ind1=" " ind2=" ">
    <subfield code="0">0</subfield>
    <subfield code="1">0</subfield>
    <subfield code="4">0</subfield>
    <subfield code="7">0</subfield>
    <subfield code="a">BCEJYS</subfield>
    <subfield code="b">BCEJYS</subfield>
    <subfield code="c">17</subfield>
    <subfield code="d">2010-06-01</subfield>
    <subfield code="h">Vol. 4, N&#xBA; 40 - jun. 2010</subfield>
    <subfield code="l">0</subfield>
    <subfield code="o">H336.22 CON 40.2010</subfield>
    <subfield code="p">R02444</subfield>
    <subfield code="r">2026-04-10 16:06:04</subfield>
    <subfield code="w">2026-04-10</subfield>
    <subfield code="y">RN</subfield>
  </datafield>
  <datafield tag="952" ind1=" " ind2=" ">
    <subfield code="0">0</subfield>
    <subfield code="1">0</subfield>
    <subfield code="4">0</subfield>
    <subfield code="7">0</subfield>
    <subfield code="a">BCEJYS</subfield>
    <subfield code="b">BCEJYS</subfield>
    <subfield code="c">17</subfield>
    <subfield code="d">2010-05-01</subfield>
    <subfield code="h">Vol. 4, N&#xBA; 39 - may. 2010</subfield>
    <subfield code="l">0</subfield>
    <subfield code="o">H336.22 CON 39.2010</subfield>
    <subfield code="p">R02431</subfield>
    <subfield code="r">2026-04-10 16:06:04</subfield>
    <subfield code="w">2026-04-10</subfield>
    <subfield code="y">RN</subfield>
  </datafield>
  <datafield tag="952" ind1=" " ind2=" ">
    <subfield code="0">0</subfield>
    <subfield code="1">0</subfield>
    <subfield code="4">0</subfield>
    <subfield code="7">0</subfield>
    <subfield code="a">BCEJYS</subfield>
    <subfield code="b">BCEJYS</subfield>
    <subfield code="c">17</subfield>
    <subfield code="d">2010-04-01</subfield>
    <subfield code="h">Vol. 4, N&#xBA; 38 - abr. 2010</subfield>
    <subfield code="l">0</subfield>
    <subfield code="o">H336.22 CON 38.2010</subfield>
    <subfield code="p">R02425</subfield>
    <subfield code="r">2026-04-10 16:06:04</subfield>
    <subfield code="w">2026-04-10</subfield>
    <subfield code="y">RN</subfield>
  </datafield>
  <datafield tag="952" ind1=" " ind2=" ">
    <subfield code="0">0</subfield>
    <subfield code="1">0</subfield>
    <subfield code="4">0</subfield>
    <subfield code="7">0</subfield>
    <subfield code="a">BCEJYS</subfield>
    <subfield code="b">BCEJYS</subfield>
    <subfield code="c">17</subfield>
    <subfield code="d">2010-03-01</subfield>
    <subfield code="h">Vol. 4, N&#xBA; 37 - mar. 2010</subfield>
    <subfield code="l">0</subfield>
    <subfield code="o">H336.22 CON 37.2010</subfield>
    <subfield code="p">R02400</subfield>
    <subfield code="r">2026-04-10 16:06:04</subfield>
    <subfield code="w">2026-04-10</subfield>
    <subfield code="y">RN</subfield>
  </datafield>
  <datafield tag="952" ind1=" " ind2=" ">
    <subfield code="0">0</subfield>
    <subfield code="1">0</subfield>
    <subfield code="4">0</subfield>
    <subfield code="7">0</subfield>
    <subfield code="a">BCEJYS</subfield>
    <subfield code="b">BCEJYS</subfield>
    <subfield code="c">17</subfield>
    <subfield code="d">2010-02-01</subfield>
    <subfield code="h">Vol. 3, N&#xBA; 36 - feb. 2010</subfield>
    <subfield code="l">0</subfield>
    <subfield code="o">H336.22 CON 36.2010</subfield>
    <subfield code="p">R02399</subfield>
    <subfield code="r">2026-04-10 16:06:04</subfield>
    <subfield code="w">2026-04-10</subfield>
    <subfield code="y">RN</subfield>
  </datafield>
  <datafield tag="952" ind1=" " ind2=" ">
    <subfield code="0">0</subfield>
    <subfield code="1">0</subfield>
    <subfield code="4">0</subfield>
    <subfield code="7">0</subfield>
    <subfield code="a">BCEJYS</subfield>
    <subfield code="b">BCEJYS</subfield>
    <subfield code="c">17</subfield>
    <subfield code="d">2010-01-01</subfield>
    <subfield code="h">Vol. 3, N&#xBA; 35 - ene. 2010</subfield>
    <subfield code="l">0</subfield>
    <subfield code="o">H336.22 CON 35.2010</subfield>
    <subfield code="p">R02382</subfield>
    <subfield code="r">2026-04-10 16:06:04</subfield>
    <subfield code="w">2026-04-10</subfield>
    <subfield code="y">RN</subfield>
  </datafield>
  <datafield tag="952" ind1=" " ind2=" ">
    <subfield code="0">0</subfield>
    <subfield code="1">0</subfield>
    <subfield code="4">0</subfield>
    <subfield code="7">0</subfield>
    <subfield code="a">BCEJYS</subfield>
    <subfield code="b">BCEJYS</subfield>
    <subfield code="c">17</subfield>
    <subfield code="d">2009-12-01</subfield>
    <subfield code="h">Vol. 3, N&#xBA; 34 - dic. 2009</subfield>
    <subfield code="l">0</subfield>
    <subfield code="o">H336.22 CON 34.2009</subfield>
    <subfield code="p">R02380</subfield>
    <subfield code="r">2026-04-10 16:06:04</subfield>
    <subfield code="w">2026-04-10</subfield>
    <subfield code="y">RN</subfield>
  </datafield>
  <datafield tag="952" ind1=" " ind2=" ">
    <subfield code="0">0</subfield>
    <subfield code="1">0</subfield>
    <subfield code="4">0</subfield>
    <subfield code="7">0</subfield>
    <subfield code="a">BCEJYS</subfield>
    <subfield code="b">BCEJYS</subfield>
    <subfield code="c">17</subfield>
    <subfield code="d">2009-11-01</subfield>
    <subfield code="h">Vol. 3, N&#xBA; 33 - nov. 2009</subfield>
    <subfield code="l">0</subfield>
    <subfield code="o">H336.22 CON 33.2009</subfield>
    <subfield code="p">R02381</subfield>
    <subfield code="r">2026-04-10 16:06:04</subfield>
    <subfield code="w">2026-04-10</subfield>
    <subfield code="y">RN</subfield>
  </datafield>
  <datafield tag="952" ind1=" " ind2=" ">
    <subfield code="0">0</subfield>
    <subfield code="1">0</subfield>
    <subfield code="4">0</subfield>
    <subfield code="7">0</subfield>
    <subfield code="a">BCEJYS</subfield>
    <subfield code="b">BCEJYS</subfield>
    <subfield code="c">17</subfield>
    <subfield code="d">2009-10-01</subfield>
    <subfield code="h">Vol. 3, N&#xBA; 32 - oct. 2009</subfield>
    <subfield code="l">0</subfield>
    <subfield code="o">H336.22 CON 32.2009</subfield>
    <subfield code="p">R02361</subfield>
    <subfield code="r">2026-04-10 16:06:04</subfield>
    <subfield code="w">2026-04-10</subfield>
    <subfield code="y">RN</subfield>
  </datafield>
  <datafield tag="952" ind1=" " ind2=" ">
    <subfield code="0">0</subfield>
    <subfield code="1">0</subfield>
    <subfield code="4">0</subfield>
    <subfield code="7">0</subfield>
    <subfield code="a">BCEJYS</subfield>
    <subfield code="b">BCEJYS</subfield>
    <subfield code="c">17</subfield>
    <subfield code="d">2009-09-01</subfield>
    <subfield code="h">Vol. 3, N&#xBA; 31 - sep. 2009</subfield>
    <subfield code="l">0</subfield>
    <subfield code="o">H336.22 CON 31.2009</subfield>
    <subfield code="p">R02341</subfield>
    <subfield code="r">2026-04-10 16:06:04</subfield>
    <subfield code="w">2026-04-10</subfield>
    <subfield code="y">RN</subfield>
  </datafield>
  <datafield tag="952" ind1=" " ind2=" ">
    <subfield code="0">0</subfield>
    <subfield code="1">0</subfield>
    <subfield code="4">0</subfield>
    <subfield code="7">0</subfield>
    <subfield code="a">BCEJYS</subfield>
    <subfield code="b">BCEJYS</subfield>
    <subfield code="c">17</subfield>
    <subfield code="d">2009-08-01</subfield>
    <subfield code="h">Vol. 3, N&#xBA; 30 - ago. 2009</subfield>
    <subfield code="l">0</subfield>
    <subfield code="o">H336.22 CON 30.2009</subfield>
    <subfield code="p">R02340</subfield>
    <subfield code="r">2026-04-10 16:06:04</subfield>
    <subfield code="w">2026-04-10</subfield>
    <subfield code="y">RN</subfield>
  </datafield>
  <datafield tag="952" ind1=" " ind2=" ">
    <subfield code="0">0</subfield>
    <subfield code="1">0</subfield>
    <subfield code="4">0</subfield>
    <subfield code="7">0</subfield>
    <subfield code="a">BCEJYS</subfield>
    <subfield code="b">BCEJYS</subfield>
    <subfield code="c">17</subfield>
    <subfield code="d">2009-07-01</subfield>
    <subfield code="h">Vol. 3, N&#xBA; 29 - jul. 2009</subfield>
    <subfield code="l">0</subfield>
    <subfield code="o">H336.22 CON 29.2009</subfield>
    <subfield code="p">R02339</subfield>
    <subfield code="r">2026-04-10 16:06:04</subfield>
    <subfield code="w">2026-04-10</subfield>
    <subfield code="y">RN</subfield>
  </datafield>
  <datafield tag="952" ind1=" " ind2=" ">
    <subfield code="0">0</subfield>
    <subfield code="1">0</subfield>
    <subfield code="4">0</subfield>
    <subfield code="7">0</subfield>
    <subfield code="a">BCEJYS</subfield>
    <subfield code="b">BCEJYS</subfield>
    <subfield code="c">17</subfield>
    <subfield code="d">2009-06-01</subfield>
    <subfield code="h">Vol. 28, N&#xBA; 3 - jun. 2009</subfield>
    <subfield code="l">0</subfield>
    <subfield code="o">H336.22 CON 28.2009</subfield>
    <subfield code="p">R02325</subfield>
    <subfield code="r">2026-04-10 16:06:04</subfield>
    <subfield code="w">2026-04-10</subfield>
    <subfield code="y">RN</subfield>
  </datafield>
  <datafield tag="952" ind1=" " ind2=" ">
    <subfield code="0">0</subfield>
    <subfield code="1">0</subfield>
    <subfield code="4">0</subfield>
    <subfield code="7">0</subfield>
    <subfield code="a">BCEJYS</subfield>
    <subfield code="b">BCEJYS</subfield>
    <subfield code="c">17</subfield>
    <subfield code="d">2009-05-01</subfield>
    <subfield code="h">Vol. 3, N&#xBA; 27 - may. 2009</subfield>
    <subfield code="l">0</subfield>
    <subfield code="o">H336.22 CON 27.2009</subfield>
    <subfield code="p">R02334</subfield>
    <subfield code="r">2026-04-10 16:06:04</subfield>
    <subfield code="w">2026-04-10</subfield>
    <subfield code="y">RN</subfield>
  </datafield>
  <datafield tag="952" ind1=" " ind2=" ">
    <subfield code="0">0</subfield>
    <subfield code="1">0</subfield>
    <subfield code="4">0</subfield>
    <subfield code="7">0</subfield>
    <subfield code="a">BCEJYS</subfield>
    <subfield code="b">BCEJYS</subfield>
    <subfield code="c">17</subfield>
    <subfield code="d">2009-04-01</subfield>
    <subfield code="h">Vol. 3, N&#xBA; 26 - abr. 2009</subfield>
    <subfield code="l">0</subfield>
    <subfield code="o">H336.22 CON 26.2009</subfield>
    <subfield code="p">R02275</subfield>
    <subfield code="r">2026-04-10 16:06:04</subfield>
    <subfield code="w">2026-04-10</subfield>
    <subfield code="y">RN</subfield>
  </datafield>
  <datafield tag="952" ind1=" " ind2=" ">
    <subfield code="0">0</subfield>
    <subfield code="1">0</subfield>
    <subfield code="4">0</subfield>
    <subfield code="7">0</subfield>
    <subfield code="a">BCEJYS</subfield>
    <subfield code="b">BCEJYS</subfield>
    <subfield code="c">17</subfield>
    <subfield code="d">2009-03-01</subfield>
    <subfield code="h">Vol. 3, N&#xBA; 25 - mar. 2009</subfield>
    <subfield code="l">0</subfield>
    <subfield code="o">H336.22 CON 25.2009</subfield>
    <subfield code="p">R02274</subfield>
    <subfield code="r">2026-04-10 16:06:04</subfield>
    <subfield code="w">2026-04-10</subfield>
    <subfield code="y">RN</subfield>
  </datafield>
  <datafield tag="952" ind1=" " ind2=" ">
    <subfield code="0">0</subfield>
    <subfield code="1">0</subfield>
    <subfield code="4">0</subfield>
    <subfield code="7">0</subfield>
    <subfield code="a">BCEJYS</subfield>
    <subfield code="b">BCEJYS</subfield>
    <subfield code="c">17</subfield>
    <subfield code="d">2009-02-01</subfield>
    <subfield code="h">Vol. 2, N&#xBA; 24 - feb. 2009</subfield>
    <subfield code="l">0</subfield>
    <subfield code="o">H336.22 CON 24.2009</subfield>
    <subfield code="p">R02273</subfield>
    <subfield code="r">2026-04-10 16:06:04</subfield>
    <subfield code="w">2026-04-10</subfield>
    <subfield code="y">RN</subfield>
  </datafield>
  <datafield tag="952" ind1=" " ind2=" ">
    <subfield code="0">0</subfield>
    <subfield code="1">0</subfield>
    <subfield code="4">0</subfield>
    <subfield code="7">0</subfield>
    <subfield code="a">BCEJYS</subfield>
    <subfield code="b">BCEJYS</subfield>
    <subfield code="c">17</subfield>
    <subfield code="d">2009-01-01</subfield>
    <subfield code="h">Vol. 2, N&#xBA; 23 - ene. 2009</subfield>
    <subfield code="l">0</subfield>
    <subfield code="o">H336.22 CON 23.2009</subfield>
    <subfield code="p">R02257</subfield>
    <subfield code="r">2026-04-10 16:06:04</subfield>
    <subfield code="w">2026-04-10</subfield>
    <subfield code="y">RN</subfield>
  </datafield>
  <datafield tag="952" ind1=" " ind2=" ">
    <subfield code="0">0</subfield>
    <subfield code="1">0</subfield>
    <subfield code="4">0</subfield>
    <subfield code="7">0</subfield>
    <subfield code="a">BCEJYS</subfield>
    <subfield code="b">BCEJYS</subfield>
    <subfield code="c">17</subfield>
    <subfield code="d">2008-12-01</subfield>
    <subfield code="h">Vol. 2, N&#xBA; 22 - dic. 2008</subfield>
    <subfield code="l">0</subfield>
    <subfield code="o">H336.22 CON 22.2008</subfield>
    <subfield code="p">R02249</subfield>
    <subfield code="r">2026-04-10 16:06:04</subfield>
    <subfield code="w">2026-04-10</subfield>
    <subfield code="y">RN</subfield>
  </datafield>
  <datafield tag="952" ind1=" " ind2=" ">
    <subfield code="0">0</subfield>
    <subfield code="1">0</subfield>
    <subfield code="4">0</subfield>
    <subfield code="7">0</subfield>
    <subfield code="a">BCEJYS</subfield>
    <subfield code="b">BCEJYS</subfield>
    <subfield code="c">17</subfield>
    <subfield code="d">2008-11-01</subfield>
    <subfield code="h">Vol. 2, N&#xBA; 21 - nov. 2008</subfield>
    <subfield code="l">0</subfield>
    <subfield code="o">H336.22 CON 21.2008</subfield>
    <subfield code="p">R02248</subfield>
    <subfield code="r">2026-04-10 16:06:04</subfield>
    <subfield code="w">2026-04-10</subfield>
    <subfield code="y">RN</subfield>
  </datafield>
  <datafield tag="952" ind1=" " ind2=" ">
    <subfield code="0">0</subfield>
    <subfield code="1">0</subfield>
    <subfield code="4">0</subfield>
    <subfield code="7">0</subfield>
    <subfield code="a">BCEJYS</subfield>
    <subfield code="b">BCEJYS</subfield>
    <subfield code="c">17</subfield>
    <subfield code="d">2008-10-01</subfield>
    <subfield code="h">Vol. 2, N&#xBA; 20 - oct. 2008</subfield>
    <subfield code="l">0</subfield>
    <subfield code="o">H336.22 CON 20.2008</subfield>
    <subfield code="p">R02239</subfield>
    <subfield code="r">2026-04-10 16:06:04</subfield>
    <subfield code="w">2026-04-10</subfield>
    <subfield code="y">RN</subfield>
  </datafield>
  <datafield tag="952" ind1=" " ind2=" ">
    <subfield code="0">0</subfield>
    <subfield code="1">0</subfield>
    <subfield code="4">0</subfield>
    <subfield code="7">0</subfield>
    <subfield code="a">BCEJYS</subfield>
    <subfield code="b">BCEJYS</subfield>
    <subfield code="c">17</subfield>
    <subfield code="d">2008-09-01</subfield>
    <subfield code="h">Vol. 2, N&#xBA; 19 - sep. 2008</subfield>
    <subfield code="l">0</subfield>
    <subfield code="o">H336.22 CON 19.2008</subfield>
    <subfield code="p">R02222</subfield>
    <subfield code="r">2026-04-10 16:06:04</subfield>
    <subfield code="w">2026-04-10</subfield>
    <subfield code="y">RN</subfield>
  </datafield>
  <datafield tag="952" ind1=" " ind2=" ">
    <subfield code="0">0</subfield>
    <subfield code="1">0</subfield>
    <subfield code="4">0</subfield>
    <subfield code="7">0</subfield>
    <subfield code="a">BCEJYS</subfield>
    <subfield code="b">BCEJYS</subfield>
    <subfield code="c">17</subfield>
    <subfield code="d">2008-08-01</subfield>
    <subfield code="h">Vol. 2, N&#xBA; 18 - ago. 2008</subfield>
    <subfield code="l">0</subfield>
    <subfield code="o">H336.22 CON 18.2008</subfield>
    <subfield code="p">R02208</subfield>
    <subfield code="r">2026-04-10 16:06:04</subfield>
    <subfield code="w">2026-04-10</subfield>
    <subfield code="y">RN</subfield>
  </datafield>
  <datafield tag="952" ind1=" " ind2=" ">
    <subfield code="0">0</subfield>
    <subfield code="1">0</subfield>
    <subfield code="4">0</subfield>
    <subfield code="7">0</subfield>
    <subfield code="a">BCEJYS</subfield>
    <subfield code="b">BCEJYS</subfield>
    <subfield code="c">17</subfield>
    <subfield code="d">2008-07-01</subfield>
    <subfield code="h">Vol. 2, N&#xBA; 17 - jul. 2008</subfield>
    <subfield code="l">0</subfield>
    <subfield code="o">H336.22 CON 17.2008</subfield>
    <subfield code="p">R02198</subfield>
    <subfield code="r">2026-04-10 16:06:04</subfield>
    <subfield code="w">2026-04-10</subfield>
    <subfield code="y">RN</subfield>
  </datafield>
  <datafield tag="952" ind1=" " ind2=" ">
    <subfield code="0">0</subfield>
    <subfield code="1">0</subfield>
    <subfield code="4">0</subfield>
    <subfield code="7">0</subfield>
    <subfield code="a">BCEJYS</subfield>
    <subfield code="b">BCEJYS</subfield>
    <subfield code="c">17</subfield>
    <subfield code="d">2008-06-01</subfield>
    <subfield code="h">Vol. 2, N&#xBA; 16 - jun. 2008</subfield>
    <subfield code="l">0</subfield>
    <subfield code="o">H336.22 CON 16.2008</subfield>
    <subfield code="p">R02192</subfield>
    <subfield code="r">2026-04-10 16:06:04</subfield>
    <subfield code="w">2026-04-10</subfield>
    <subfield code="y">RN</subfield>
  </datafield>
  <datafield tag="952" ind1=" " ind2=" ">
    <subfield code="0">0</subfield>
    <subfield code="1">0</subfield>
    <subfield code="4">0</subfield>
    <subfield code="7">0</subfield>
    <subfield code="a">BCEJYS</subfield>
    <subfield code="b">BCEJYS</subfield>
    <subfield code="c">17</subfield>
    <subfield code="d">2008-05-01</subfield>
    <subfield code="h">Vol. 2, N&#xBA; 15 - may. 2008</subfield>
    <subfield code="l">0</subfield>
    <subfield code="o">H336.22 CON 15.2008</subfield>
    <subfield code="p">R02187</subfield>
    <subfield code="r">2026-04-10 16:06:04</subfield>
    <subfield code="w">2026-04-10</subfield>
    <subfield code="y">RN</subfield>
  </datafield>
  <datafield tag="952" ind1=" " ind2=" ">
    <subfield code="0">0</subfield>
    <subfield code="1">0</subfield>
    <subfield code="4">0</subfield>
    <subfield code="7">0</subfield>
    <subfield code="a">BCEJYS</subfield>
    <subfield code="b">BCEJYS</subfield>
    <subfield code="c">17</subfield>
    <subfield code="d">2008-04-01</subfield>
    <subfield code="h">Vol. 2, N&#xBA; 14 - abr. 2008</subfield>
    <subfield code="l">0</subfield>
    <subfield code="o">H336.22 CON 14.2008</subfield>
    <subfield code="p">R02171</subfield>
    <subfield code="r">2026-04-10 16:06:04</subfield>
    <subfield code="w">2026-04-10</subfield>
    <subfield code="y">RN</subfield>
  </datafield>
  <datafield tag="952" ind1=" " ind2=" ">
    <subfield code="0">0</subfield>
    <subfield code="1">0</subfield>
    <subfield code="4">0</subfield>
    <subfield code="7">0</subfield>
    <subfield code="a">BCEJYS</subfield>
    <subfield code="b">BCEJYS</subfield>
    <subfield code="c">17</subfield>
    <subfield code="d">2008-03-01</subfield>
    <subfield code="h">N&#xBA; 13 - mar. 2008</subfield>
    <subfield code="l">0</subfield>
    <subfield code="o">H336.22 CON 13.2008</subfield>
    <subfield code="p">R02153</subfield>
    <subfield code="r">2026-04-10 16:06:04</subfield>
    <subfield code="w">2026-04-10</subfield>
    <subfield code="y">RN</subfield>
  </datafield>
  <datafield tag="952" ind1=" " ind2=" ">
    <subfield code="0">0</subfield>
    <subfield code="1">0</subfield>
    <subfield code="4">0</subfield>
    <subfield code="7">0</subfield>
    <subfield code="a">BCEJYS</subfield>
    <subfield code="b">BCEJYS</subfield>
    <subfield code="c">17</subfield>
    <subfield code="d">2008-02-01</subfield>
    <subfield code="h">N&#xBA; 12 - feb. 2008</subfield>
    <subfield code="l">0</subfield>
    <subfield code="o">H336.22 CON 12.2008</subfield>
    <subfield code="p">R02152</subfield>
    <subfield code="r">2026-04-10 16:06:04</subfield>
    <subfield code="w">2026-04-10</subfield>
    <subfield code="y">RN</subfield>
  </datafield>
  <datafield tag="952" ind1=" " ind2=" ">
    <subfield code="0">0</subfield>
    <subfield code="1">0</subfield>
    <subfield code="4">0</subfield>
    <subfield code="7">0</subfield>
    <subfield code="a">BCEJYS</subfield>
    <subfield code="b">BCEJYS</subfield>
    <subfield code="c">17</subfield>
    <subfield code="d">2008-01-01</subfield>
    <subfield code="h">N&#xBA; 11 - ene. 2008</subfield>
    <subfield code="l">0</subfield>
    <subfield code="o">H336.22 CON 11.2008</subfield>
    <subfield code="p">R02170</subfield>
    <subfield code="r">2026-04-10 16:06:04</subfield>
    <subfield code="w">2026-04-10</subfield>
    <subfield code="y">RN</subfield>
  </datafield>
  <datafield tag="952" ind1=" " ind2=" ">
    <subfield code="0">0</subfield>
    <subfield code="1">0</subfield>
    <subfield code="4">0</subfield>
    <subfield code="7">0</subfield>
    <subfield code="a">BCEJYS</subfield>
    <subfield code="b">BCEJYS</subfield>
    <subfield code="c">17</subfield>
    <subfield code="d">2007-12-01</subfield>
    <subfield code="h">N&#xBA; 10 - dic. 2007</subfield>
    <subfield code="l">0</subfield>
    <subfield code="o">H336.22 CON 10.2007</subfield>
    <subfield code="p">R02169</subfield>
    <subfield code="r">2026-04-10 16:06:04</subfield>
    <subfield code="w">2026-04-10</subfield>
    <subfield code="y">RN</subfield>
  </datafield>
  <datafield tag="952" ind1=" " ind2=" ">
    <subfield code="0">0</subfield>
    <subfield code="1">0</subfield>
    <subfield code="4">0</subfield>
    <subfield code="7">0</subfield>
    <subfield code="a">BCEJYS</subfield>
    <subfield code="b">BCEJYS</subfield>
    <subfield code="c">17</subfield>
    <subfield code="d">2007-11-01</subfield>
    <subfield code="h">N&#xBA; 9 - nov. 2007</subfield>
    <subfield code="l">0</subfield>
    <subfield code="o">H336.22 CON 9.2007</subfield>
    <subfield code="p">R02126</subfield>
    <subfield code="r">2026-04-10 16:06:04</subfield>
    <subfield code="w">2026-04-10</subfield>
    <subfield code="y">RN</subfield>
  </datafield>
  <datafield tag="952" ind1=" " ind2=" ">
    <subfield code="0">0</subfield>
    <subfield code="1">0</subfield>
    <subfield code="4">0</subfield>
    <subfield code="7">0</subfield>
    <subfield code="a">BCEJYS</subfield>
    <subfield code="b">BCEJYS</subfield>
    <subfield code="c">17</subfield>
    <subfield code="d">2007-10-01</subfield>
    <subfield code="h">N&#xBA; 8 - oct. 2007</subfield>
    <subfield code="l">0</subfield>
    <subfield code="o">H336.22 CON 8.2007</subfield>
    <subfield code="p">R02111</subfield>
    <subfield code="r">2026-04-10 16:06:04</subfield>
    <subfield code="w">2026-04-10</subfield>
    <subfield code="y">RN</subfield>
  </datafield>
  <datafield tag="952" ind1=" " ind2=" ">
    <subfield code="0">0</subfield>
    <subfield code="1">0</subfield>
    <subfield code="4">0</subfield>
    <subfield code="7">0</subfield>
    <subfield code="a">BCEJYS</subfield>
    <subfield code="b">BCEJYS</subfield>
    <subfield code="c">17</subfield>
    <subfield code="d">2007-09-01</subfield>
    <subfield code="h">N&#xBA; 7 - sep. 2007</subfield>
    <subfield code="l">0</subfield>
    <subfield code="o">H336.22 CON 7.2007</subfield>
    <subfield code="p">R02090</subfield>
    <subfield code="r">2026-04-10 16:06:04</subfield>
    <subfield code="w">2026-04-10</subfield>
    <subfield code="y">RN</subfield>
  </datafield>
  <datafield tag="952" ind1=" " ind2=" ">
    <subfield code="0">0</subfield>
    <subfield code="1">0</subfield>
    <subfield code="4">0</subfield>
    <subfield code="7">0</subfield>
    <subfield code="a">BCEJYS</subfield>
    <subfield code="b">BCEJYS</subfield>
    <subfield code="c">17</subfield>
    <subfield code="d">2007-08-01</subfield>
    <subfield code="h">N&#xBA; 6 - ago. 2007</subfield>
    <subfield code="l">0</subfield>
    <subfield code="o">H336.22 CON 6.2007</subfield>
    <subfield code="p">R02075</subfield>
    <subfield code="r">2026-04-10 16:06:04</subfield>
    <subfield code="w">2026-04-10</subfield>
    <subfield code="y">RN</subfield>
  </datafield>
  <datafield tag="952" ind1=" " ind2=" ">
    <subfield code="0">0</subfield>
    <subfield code="1">0</subfield>
    <subfield code="4">0</subfield>
    <subfield code="7">0</subfield>
    <subfield code="a">BCEJYS</subfield>
    <subfield code="b">BCEJYS</subfield>
    <subfield code="c">17</subfield>
    <subfield code="d">2007-07-01</subfield>
    <subfield code="h">N&#xBA; 5 - jul. 2007</subfield>
    <subfield code="l">0</subfield>
    <subfield code="o">H336.22 CON 5.2007</subfield>
    <subfield code="p">R02058</subfield>
    <subfield code="r">2026-04-10 16:06:04</subfield>
    <subfield code="w">2026-04-10</subfield>
    <subfield code="y">RN</subfield>
  </datafield>
  <datafield tag="952" ind1=" " ind2=" ">
    <subfield code="0">0</subfield>
    <subfield code="1">0</subfield>
    <subfield code="4">0</subfield>
    <subfield code="7">0</subfield>
    <subfield code="a">BCEJYS</subfield>
    <subfield code="b">BCEJYS</subfield>
    <subfield code="c">17</subfield>
    <subfield code="d">2007-06-01</subfield>
    <subfield code="h">N&#xBA; 4 - jun. 2007</subfield>
    <subfield code="l">0</subfield>
    <subfield code="o">H336.22 CON 4.2007</subfield>
    <subfield code="p">R02046</subfield>
    <subfield code="r">2026-04-10 16:06:04</subfield>
    <subfield code="w">2026-04-10</subfield>
    <subfield code="y">RN</subfield>
  </datafield>
  <datafield tag="952" ind1=" " ind2=" ">
    <subfield code="0">0</subfield>
    <subfield code="1">0</subfield>
    <subfield code="4">0</subfield>
    <subfield code="7">0</subfield>
    <subfield code="a">BCEJYS</subfield>
    <subfield code="b">BCEJYS</subfield>
    <subfield code="c">17</subfield>
    <subfield code="d">2007-05-01</subfield>
    <subfield code="h">N&#xBA; 3 - may. 2007</subfield>
    <subfield code="l">0</subfield>
    <subfield code="o">H336.22 CON 3.2007</subfield>
    <subfield code="p">R02045</subfield>
    <subfield code="r">2026-04-10 16:06:04</subfield>
    <subfield code="w">2026-04-10</subfield>
    <subfield code="y">RN</subfield>
  </datafield>
  <datafield tag="952" ind1=" " ind2=" ">
    <subfield code="0">0</subfield>
    <subfield code="1">0</subfield>
    <subfield code="4">0</subfield>
    <subfield code="7">0</subfield>
    <subfield code="a">BCEJYS</subfield>
    <subfield code="b">BCEJYS</subfield>
    <subfield code="c">17</subfield>
    <subfield code="d">2007-04-01</subfield>
    <subfield code="h">N&#xBA; 2 - abr. 2007</subfield>
    <subfield code="l">0</subfield>
    <subfield code="o">H336.22 CON 2.2007</subfield>
    <subfield code="p">R02044</subfield>
    <subfield code="r">2026-04-10 16:06:04</subfield>
    <subfield code="w">2026-04-10</subfield>
    <subfield code="y">RN</subfield>
  </datafield>
</record>
